{"text_format":"2","workbook":"xlsx","n_sheets":35,"sheets":["310 -244"," 310 остаток","225 ","225 остаток","225-243","226 ","226 остаток","223 квр 244","223 квр 244 остаток","223 квр 247","223 квр 247 остаток","221","221 остаток","211 и 213","346 бланки","346 дезсредства ","346 канцтовары воспитан","346 канцтовары администр","346 моющие","346 запчасти","346 хозинвентарь","346 хоз. посуда","346 споринв.","346 игрушки","291","291 остат.","342 продукты питания","342 остат","345 мягкий инвент","343 гсм","343 остаток","227 страх","344 строймат","341","Лист1"],"not_rendered":{"charts":0,"images":0,"macros":0,"external_links":0,"defined_names":0,"comments":0,"pivot_tables":0},"unopened":[],"bounds":{"document_bytes":16777216,"sheet_cells":100000,"run_cost":"one","rows_first":2000,"rows_last":500,"rows_between":2000,"halvings":0,"cell_chars":16384,"cell_head_chars":4096},"cells_cut":0,"cells_raw":0,"read":"whole","date_system":"1900"}

{"sheet":"310 -244","index":0,"n_rows":64,"n_cols":5,"rows_kept":64,"cut":false,"hidden":false,"merged":[[62,0,62,1],[63,0,63,1],[64,0,64,1],[1,0,1,4],[3,0,3,4],[5,0,5,4],[58,0,58,1],[60,0,60,3]]}
[]
["Расчет (обоснование) расходов на приобретение основных средств на 2022 год "]
[]
["Код видов расходов 244\nИсточник финансового обеспечения: субсидии из областного бюджета на финансовое обеспечение выполнения Учреждением государственного задания на оказание государственных услуг"]
[]
["Увеличение стоимости основных средтв (КОСГУ 310)"]
[]
["№ п/п","Наименование расходов","Количество","Средняя стоимость","Сумма, руб."]
[1,"Стенка игровая(угловая)",1,35000,35000]
[2,"уголок для спортинвентаря",1,15000,{"$f":"C10*D10","v":15000}]
[3,"уголок природы (модуль)",1,15000,15000]
[4,"стулья регулируемые ростовая группа 2-4",6,2500,15000]
[5,"стол-транформер (регулируемый трапеция)",4,5000,20000]
[6,"Шкаф для хоз. инвентаря в умывальник (для тазов мытья игрушек)",1,20000,20000]
[7,"Шкаф 2 х створ для одежды",1,12000,12000]
[8,"Стулья из кожазам с высокой спинкой",5,2500,12500]
[9,"Шкаф 2 х створ для одежды",1,11550.5,11550.5]
[{"$f":"A17+1","v":10},"Тумбочка прикроватная",24,4000,96000]
[11,"Кровать ЛДСП на металическом каркасе",12,12000,144000]
[12,"Диван тахта",2,34000,68000]
[13,"Стол для учителя",4,6000,24000]
[14,"Мойка 3-х секционная",1,12000,12000]
[15,"Гарнитур кухонный (навесные шкафы2,4 м.)",1,40000,40000]
[16,"Гарнитур кухонный (мойка для рук)",1,8000,8000]
[{"$f":"A24+1","v":17},"Шкаф вытяжной (процедурный кабинет)",1,30000,30000]
[{"$f":"A25+1","v":18},"Сухожаровой шкаф в стерелизационую ( для сушки стома. инст.)",1,20000,20000]
[19,"Шкаф для медикаментов закрытый (дежурный кабинет)",1,15000,15000]
[20,"Стол медицинский для мед. сестры(дежурный кабинет)",1,12000,12000]
[21,"Диван-кушетка(дежурный кабинет)",1,50000,50000]
[22,"Стул(мед. отделение)",7,30000,30000]
[23,"Маты для кабинета ЛФК",5,60000,60000]
[24,"Кушетка",1,15000,15000]
[25,"Ножницы парикмахерские",1,7000,7000]
[26,"Кипятильник электрический непрерывного действия КНЭ-50/100Б(50/100л/ч)",1,12500,12500]
[27,"Плита электрическая ЭПК-47ЖШнержав. ТМ «Abat»             ",2,45400,90800]
[28,"Машина протирочно-резательная МПР-350М-01",1,43500,43500]
[29,"Картофелечистка МОК-300М",1,39500,39500]
[30,"Жарочный шкаф «Abat» ШЖЭ-3",1,62300,62300]
[31,"Шкаф холодильный Капри 1,5УМ ТМ «МХМ»                      ",1,46960,46960]
[32,"Шкаф электрический пекарно-жарочный ШЖЭ-2ТМ «Abat»  ",1,47000,47000]
[33,"Мармит первых блюд ПМЭС-70КМ-01ТМ «Abat»                       ",1,47100,47100]
[34,"Мясорубка электрическая  МИМ-300                           ",1,41000,41000]
[35,"Универсальная машина УКМ-01                                                     ",1,115785.5,115785.5]
[36,"Хлеборезка  АХМ-300 А (Янычар)                                                  ",1,39000,39000]
[37,"Шкаф холодильный ШХ-370М ТМ «МХМ»                                ",2,28350,56700]
[38,"Вытяжка (2 зонта над плитами, 1 над жарочн. шкафом.)            ",2," 36947",73894]
[39,"Микроволновая печь                                                                         ",2,11000,22000]
[null,"Итого:","Х","Х",{"$f":"SUM(E9:E47)","v":1525090}]
[null,"Предоставление всех видов услуг","Разделение на услуги пропорционально, согласно занимаемым площадям",0]
[null,"Предоставление социально-бытовых услуг",32.4,{"$f":"C50*D49/100","v":0}]
[null,"Предоставление социально-медицинских услуг",7.58,{"$f":"C51*D49/100","v":0}]
[null,"Предоставление социально-психологических услуг",4.21,{"$f":"C52*D49/100","v":0}]
[null,"Предоставление социально-педагогических услуг",24.86,{"$f":"C53*D49/100","v":0}]
[null,"Предоставление-социально трудовых услуг",4.1100000000000003,{"$f":"C54*D49/100","v":0}]
[null,"Предоставление социально-правовых услуг",5.27,{"$f":"C55*D49/100","v":0}]
[null,"Предоставление услуг в целяхповшения коммуникативного потенциала получателей социальных услуг, имеющих ограничения жизнидеятельности, в том числе детей инвалидов",21.57,{"$f":"C56*D49/100","v":0}]
[null,null,{"$f":"SUM(C50:C56)","v":100},{"$f":"SUM(D50:D56)","v":0}]
[]
["Директор",null,null,null,"М.И. Жинько"]
[]
["Главный бухгалтер",null,null,null,"А.А. Кирик"]
[]
["Исполнители:"]
["Рыбакова О.В."]

{"sheet":" 310 остаток","index":1,"n_rows":26,"n_cols":5,"rows_kept":26,"cut":false,"hidden":false,"merged":[[25,0,25,1],[26,0,26,1],[20,0,20,1],[1,0,1,4],[3,0,3,4],[5,0,5,4],[22,0,22,3],[24,0,24,1]]}
[]
["Расчет (обоснование) расходов на приобретение основных средств на 2022 год "]
[]
["Код видов расходов 244\nИсточник финансового обеспечения: субсидии из областного бюджета на финансовое обеспечение выполнения Учреждением государственного задания на оказание государственных услуг"]
[]
["Увеличение стоимости основных средтв (КОСГУ 310)"]
[]
["№ п/п","Наименование расходов","Количество","Средняя стоимость","Сумма, руб."]
[1,"Остаток с 2021 года","Х","Х",261243]
[null,"Итого:","Х","Х",{"$f":"SUM(E9:E9)","v":261243}]
[null,"Предоставление всех видов услуг","Разделение на услуги пропорционально, согласно занимаемым площадям",0]
[null,"Предоставление социально-бытовых услуг",32.4,{"$f":"C12*D11/100","v":0}]
[null,"Предоставление социально-медицинских услуг",7.58,{"$f":"C13*D11/100","v":0}]
[null,"Предоставление социально-психологических услуг",4.21,{"$f":"C14*D11/100","v":0}]
[null,"Предоставление социально-педагогических услуг",24.86,{"$f":"C15*D11/100","v":0}]
[null,"Предоставление-социально трудовых услуг",4.1100000000000003,{"$f":"C16*D11/100","v":0}]
[null,"Предоставление социально-правовых услуг",5.27,{"$f":"C17*D11/100","v":0}]
[null,"Предоставление услуг в целяхповшения коммуникативного потенциала получателей социальных услуг, имеющих ограничения жизнидеятельности, в том числе детей инвалидов",21.57,{"$f":"C18*D11/100","v":0}]
[null,null,{"$f":"SUM(C12:C18)","v":100},{"$f":"SUM(D12:D18)","v":0}]
[]
["Директор",null,null,null,"М.И. Жинько"]
[]
["Главный бухгалтер",null,null,null,"А.А. Кирик"]
[]
["Исполнители:"]
["Рыбакова О.В."]

{"sheet":"225 ","index":2,"n_rows":46,"n_cols":5,"rows_kept":46,"cut":false,"hidden":false,"merged":[[44,0,44,1],[45,0,45,1],[0,0,0,4],[2,0,2,4],[4,0,4,4],[40,0,40,1],[42,0,42,3]]}
[" Расчет (обоснование) расходов на оплату работ, услуг  по содержанию имущества на 2022 год"]
[]
["Код видов расходов 244\nИсточник финансового обеспечения: субсидии из областного бюджета на финансовое обеспечение выполнения Учреждением государственного задания на оказание государственных услуг"]
[]
["Работы, услуги по содержанию имущества (КОСГУ 225)"]
["N п/п","                        Наименование расходов","Объект","Количество работ (услуг)","Стоимость работ (услуг), руб."]
[1,2,3,4,5]
[1,"Техническое обслуживание системы передачи извещения ПАК \"Стрелец-Мониторинг",1,12,18000]
[{"$f":"A8+1","v":2},"Диагностика и техническое обслуживание автомобильного транспорта",3,3,60000]
[{"$f":"A9+1","v":3},"Техническое обслуживание системы видеонаблюдения ",1,12,28854]
[4,"Услуги автовышки",1,1,8000]
[{"$f":"A11+1","v":5}," Проверка вентиляции и дымоходов (139 вентканалов и 2 дымохода",1,2,18000]
[6," Заправка и замена картриджей ",1,12,70000]
[7,"Тех.обслуживание комплекса тех.средств (тревожная кнопка) ",1,12,17180]
[8,"Дератизация, дезинсекция",1,2,46306]
[9,"Уборка территории трактором",1,6,450000]
[10,"Техническое обслуживание пожарной сигнализации и речевого оповещения",1,12,84000]
[11,"Техническое обслуживание и ремонт газового оборудования и газопроводов внутр.",1,12,120000]
[12,"Аварийно - диспетчерское обслуживание газопровода",1,12,20000]
[13,"ТО и ремонт газового оборудования и газопроводов ",1,12,12000]
[14,"Техническое обслуживание медицинской техники",1,1,15000]
[15,"Оперативно-техническое обслуживание ТП 112  двумя трансформаторами 400кВа",1,12,70000]
[16,"Перезарадяка и ремонт огнетушителей",1,1,10000]
[17,"Помывка окон в учреждении",1,2,222466]
[{"$f":"A24+1","v":18},"Утепление окон в учреждении",1,1,114058.83]
[19," Технические заключения для списания основных средств",1,1,20000]
[20,"Лабораторные исследования воды",1,2,5000]
[21,"Лабораторные исследования пищевых продуктов",1,1,11000]
[22,"Поверка приборов КИП (манометры котельной и тепловых узлов)",1,4,58451.17]
[23,"Проведение контроля эффективности работы стрелилизаторов 3 методами по 5 конт.точкам",1,1,6000]
[24,"Поверка комплекса \"Взлет\" общего учета ГВС и отпления котельной",1,1,25000]
[25,"Ремонт источника бесперебойного питания",1,1,17508]
[26,"Проверка работоспособности котла КСВа 1.25 МВт и газовой горелки",1,1,19176]
[27,"Проведение инструментального обследования котла КСВа-1.25 зав. № 173",1,1,25000]
[28,"Услуги по уборке и вывозу мусора с территории учреждения",1,1,166000]
[29,"Установка терминала на автомобиль ГАЗ М 606 ТХ",1,1,45000]
[30,"Прмывка системы канализации",1,1,2400000.67]
[null,"Всего по КОСГУ 225","x","x",{"$f":"SUM(E8:E37)","v":4182000.67}]
[]
[]
["Директор",null,null,null,"М.И. Жинько"]
[]
["Главный бухгалтер",null,null,null,"А.А. Кирик"]
[]
["Исполнители:"]
["Рыбакова О.В."]

{"sheet":"225 остаток","index":3,"n_rows":16,"n_cols":5,"rows_kept":16,"cut":false,"hidden":false,"merged":[[15,0,15,1],[4,0,4,4],[2,0,2,4],[0,0,0,4],[10,0,10,1],[12,0,12,3],[14,0,14,1]]}
[" Расчет (обоснование) расходов на оплату работ, услуг  по содержанию имущества на 2022 год"]
[]
["Код видов расходов 244\nИсточник финансового обеспечения: субсидии из областного бюджета на финансовое обеспечение выполнения Учреждением государственного задания на оказание государственных услуг"]
[]
["Работы, услуги по содержанию имущества (КОСГУ 225)"]
["N п/п","                        Наименование расходов","Объект","Количество работ (услуг)","Стоимость работ (услуг), руб."]
[1,2,3,4,5]
[1,"Остаток с 2021 года","Х","Х",40161.17]
[null,"Всего по КОСГУ 225","x","x",{"$f":"SUM(E8:E8)","v":40161.17}]
[]
["Директор",null,null,null,"М.И. Жинько"]
[]
["Главный бухгалтер",null,null,null,"А.А. Кирик"]
[]
["Исполнители:"]
["Рыбакова О.В."]

{"sheet":"225-243","index":4,"n_rows":18,"n_cols":5,"rows_kept":18,"cut":false,"hidden":false,"merged":[[16,0,16,1],[17,0,17,1],[0,0,0,4],[2,0,2,4],[4,0,4,4],[12,0,12,1],[14,0,14,3]]}
[" Расчет (обоснование) расходов на оплату работ, услуг  по содержанию имущества на 2022 год"]
[]
["Код видов расходов 243\nИсточник финансового обеспечения: субсидии на иные цели"]
[]
["Работы, услуги по содержанию имущества (КОСГУ 225)"]
["N п/п","                        Наименование расходов","Объект","Количество работ (услуг)","Стоимость работ (услуг), руб."]
[1,2,3,4,5]
[1,"Ремонт коррекционно-образовательных отделений",2,2,4000000]
[{"$f":"A8+1","v":2},"Ремонт  газовой котельной",3,3,4000000]
[{"$f":"A9+1","v":3},"Ремонт пищеблока",1,1,500000]
[null,"Всего по КОСГУ 225","x","x",{"$f":"SUM(E8:E10)","v":8500000}]
[]
["Директор",null,null,null,"М.И. Жинько"]
[]
["Главный бухгалтер",null,null,null,"А.А. Кирик"]
[]
["Исполнители:"]
["Рыбакова О.В."]

{"sheet":"226 ","index":5,"n_rows":47,"n_cols":4,"rows_kept":47,"cut":false,"hidden":false,"merged":[[50,0,50,1],[0,0,0,3],[2,0,2,3],[4,0,4,3],[41,0,41,1],[43,0,43,1],[45,0,45,1],[46,0,46,1],[47,0,47,1],[48,0,48,1],[49,0,49,1]]}
["Расчет (обоснование) расходов на оплату прочих работ, услуг на 2022 год"]
[]
["Код видов расходов 244\nИсточник финансового обеспечения: субсидии из областного бюджета на финансовое обеспечение выполнения Учреждением государственного задания на оказание государственных услуг"]
[]
["Прочие работы, услуги (КОСГУ 226)"]
["N п/п","Наименование расходов","Количество договоров","Стоимость услуги, руб."]
[1,2,3,4]
[1,"Анализы воспитанников ",1,100000]
[2,"Периодический медосмотр сотрудников",1,250000]
[3,"Сбор и обезвреживание медицинских отходов класса Б",1,4000]
[{"$f":"A10+1","v":4},"Оформление личных медицинских книжек сотрудников",1,50000]
[{"$f":"A11+1","v":5},"Тестирование 1С Больничная аптека",1,30000]
[6,"Обучение по программе \"Обучение перед повторной проверкой знаний операторов котельн\"",1,10500]
[7,"\"Обучение по обслуживанию автоматизированных котельных, работающих на газообразном топливе\"",1,6600]
[8,"Абонентское обслуживание ПП 1С ИТС Медицина",1,37212]
[9," Оплата за обучение водителей",1,4000]
[10,"Акарицидная обработка от клещей",1,3500]
[11,"Судебно-психиатрическая экспертиза по недееспособности ",1,100000]
[12,"Телематические услуги (хостинг сайта)",1,4600]
[13," Передача доступа к онлайн-версии системы \"Surdo-Onlain\"",1,19500]
[14,"Обучение по охране труда работников организаций",1,57000]
[15,"Обучение по пожарной безопасности работников организаций",1,30000]
[16,"Обучение безопасным методам и приемам выполнения работ на высоте",1,21000]
[17,"Обучение по 44ФЗ",1,20000]
[18,"Противодействие коррупции — повышение квалификации руководителей, специалистов, государственных и муниципальных служащих на курсах антикоррупционного обучения (дистанционно)",1,9000]
[19,"Первичный медосмотр сотрудников",1,100000]
[20,"Охрана объектов",1,103368]
[21,"Подготовка специалистов для работы на паровых стерелизаторах",1,4000]
[22,"Права использования \"Web-система СБИС\" ЭТ-LITE Федеральный (5 электронных подписей)",1,15000]
[23,"Оплата за право использования и услуги абонентского обслуживания программы ЭВМ \"Контур-Экстерн\"",1,8980]
[24,"Право на использование Kaspersky Edition Securiti для бизнеса - Стандарптный Russian Edition 20-24 Node 1 year Educ",1,13000]
[25,"Программное обеспечение СКЗИ КриптоПро CSP версия 5.0 (отдел кадров)",1,8100]
[26,"Спецоценка условий труда",1,21000]
[27,"Фотоуслуги воспитаников",1,3800]
[28,"Программное обеспечение Тест Векслера, детский вариант",1,16000]
[29,"Программное обеспечение Тест Векслера, взрослый вариант",1,18000]
[30,"Обновление ПО Гранд-Смета",1,25000]
[31,"Приобретение системы \"Консультант\" 3 рабочих места",1,161000]
[null,"Итого:",null,{"$f":"SUM(D8:D38)","v":1254160}]
[]
[]
["Директор",null,null,"М.И. Жинько"]
[]
["Главный бухгалтер",null,null,"А.А. Кирик"]
[]
["Испонители:"]
["Рыбакова О.В."]

{"sheet":"226 остаток","index":6,"n_rows":16,"n_cols":4,"rows_kept":16,"cut":false,"hidden":false,"merged":[[19,0,19,1],[0,0,0,3],[2,0,2,3],[4,0,4,3],[10,0,10,1],[12,0,12,1],[14,0,14,1],[15,0,15,1],[16,0,16,1],[17,0,17,1],[18,0,18,1]]}
["Расчет (обоснование) расходов на оплату прочих работ, услуг на 2022 год"]
[]
["Код видов расходов 244\nИсточник финансового обеспечения: субсидии из областного бюджета на финансовое обеспечение выполнения Учреждением государственного задания на оказание государственных услуг"]
[]
["Прочие работы, услуги (КОСГУ 226)"]
["N п/п","Наименование расходов","Количество договоров","Стоимость услуги, руб."]
[1,2,3,4]
[1,"Остаток с 2021 года","Х",0]
[null,"Итого:",null,{"$f":"SUM(D8:D8)","v":0}]
[]
["Директор",null,null,"М.И.Жинько"]
[]
["Главный бухгалтер",null,null,"А.А.Кирик"]
[]
["Испонители:"]
["Рыбакова О.В."]

{"sheet":"223 квр 244","index":7,"n_rows":21,"n_cols":6,"rows_kept":21,"cut":false,"hidden":false,"merged":[[19,1,19,2],[20,1,20,2],[0,1,0,5],[1,1,1,5],[3,1,3,5],[17,1,17,2],[15,1,15,2]]}
[null,"Расчет (обоснование) расходов на оплату коммунальных услуг на 2022 год"]
[null,"Код видов расходов 244\nИсточник финансового обеспечения: субсидии из областного бюджета на финансовое обеспечение выполнения Учреждением государственного задания на оказание государственных услуг"]
[]
[null,"Расходы на оплату коммунальных услуг (КОСГУ 223) "]
[]
[]
[null,"N п/п","Наименование показателя","Размер потребления ресурсов","Тариф (с учетом НДС), руб.","Сумма, руб. "]
[null,1,2,3,4,6]
[null,1,"Водоснабжение (м.куб.)",39284.345099999999,32.94,{"$f":"E9*D9","v":1294026.3275939999}]
[null,2,"ТКО (м.куб)",233.46,659.61,153995]
[null,null,"Всего по КОСГУ 223","х","x",{"$f":"F9+F10","v":1448021.3275939999}]
[]
[]
[]
[]
[null,"Директор",null,null,null,"М.И. Жинько"]
[]
[null,"Главный бухгалтер",null,null,null,"А.А. Кирик"]
[]
[null,"Испонители:"]
[null,"Рыбакова О.В."]

{"sheet":"223 квр 244 остаток","index":8,"n_rows":21,"n_cols":6,"rows_kept":21,"cut":false,"hidden":false,"merged":[[19,1,19,2],[20,1,20,2],[0,1,0,5],[1,1,1,5],[3,1,3,5],[14,1,14,2],[16,1,16,2]]}
[null,"Расчет (обоснование) расходов на оплату коммунальных услуг на 2022 год"]
[null,"Код видов расходов 244\nИсточник финансового обеспечения: субсидии из областного бюджета на финансовое обеспечение выполнения Учреждением государственного задания на оказание государственных услуг"]
[]
[null,"Расходы на оплату коммунальных услуг (КОСГУ 223) "]
[]
[]
[null,"N п/п","Наименование показателя","Размер потребления ресурсов","Тариф (с учетом НДС), руб.","Сумма, руб. "]
[null,1,2,3,4,6]
[null,1,"Остаток с 2021 года за декабрь Водоснабжение (м.куб.)",647.37419999999997,32.94,{"$f":"E9*D9","v":21324.506147999997}]
[null,null,"Всего по КОСГУ 223","х","x",{"$f":"SUM(F9:F9)","v":21324.506147999997}]
[]
[]
[]
[]
[null,"Директор",null,null,null,"М.И. Жинько"]
[]
[null,"Главный бухгалтер",null,null,null,"А.А. Кирик"]
[]
[]
[null,"Испонители:"]
[null,"Рыбакова О.В."]

{"sheet":"223 квр 247","index":9,"n_rows":21,"n_cols":6,"rows_kept":21,"cut":false,"hidden":false,"merged":[[19,1,19,2],[20,1,20,2],[18,1,18,2],[0,1,0,5],[1,1,1,5],[3,1,3,5],[16,1,16,2]]}
[null,"Расчет (обоснование) расходов на оплату коммунальных услуг на 2022 год"]
[null,"Код видов расходов 247\nИсточник финансового обеспечения: субсидии из областного бюджета на финансовое обеспечение выполнения Учреждением государственного задания на оказание государственных услуг"]
[]
[null,"Расходы на оплату коммунальных услуг (КОСГУ 223) "]
[]
[]
[null,"N п/п","Наименование показателя","Размер потребления ресурсов","Тариф (с учетом НДС), руб.","Сумма, руб. "]
[null,1,2,3,4,6]
[null,1,"Электроэнергия (кВт часов)",746501,8.1342151979999997,6072200]
[null,2,"Отопление (Гкал)",571.41999999999996,{"$f":"F10/D10","v":2075.1811277169159},1185800]
[null,3,"Природный газ (тыс.м.куб.)",615.24,6983.9040000000005,4296800]
[null,null,"Всего по КОСГУ 223","х","x",{"$f":"SUM(F9:F11)","v":11554800}]
[]
[]
[]
[]
[null,"Директор",null,null,null,"М.И. Жинько"]
[]
[null,"Главный бухгалтер",null,null,null,"А.А. Кирик"]
[null,"Испонители:"]
[null,"Рыбакова О.В."]

{"sheet":"223 квр 247 остаток","index":10,"n_rows":19,"n_cols":6,"rows_kept":19,"cut":false,"hidden":false,"merged":[[17,1,17,2],[18,1,18,2],[0,1,0,5],[1,1,1,5],[3,1,3,5],[13,1,13,2],[15,1,15,2]]}
[null,"Расчет (обоснование) расходов на оплату коммунальных услуг на 2022 год"]
[null,"Код видов расходов 247\nИсточник финансового обеспечения: субсидии из областного бюджета на финансовое обеспечение выполнения Учреждением государственного задания на оказание государственных услуг"]
[]
[null,"Расходы на оплату коммунальных услуг (КОСГУ 223) "]
[]
[]
[null,"N п/п","Наименование показателя","Размер потребления ресурсов","Тариф (с учетом НДС), руб.","Сумма, руб. "]
[null,1,2,3,4,6]
[null,1,"Остаток с 2021 года в т.ч. за декабрь Электроэнергия (кВт часов)",6347.7232999999997,8.1342151979999997,{"$f":"E9*D9","v":51633.747339558708}]
[null,null,"Всего по КОСГУ 223","х","x",{"$f":"SUM(F9:F9)","v":51633.747339558708}]
[]
[]
[]
[null,"Директор",null,null,null,"М.И. Жинько"]
[]
[null,"Главный бухгалтер",null,null,null,"А.А. Кирик"]
[]
[null,"Испонители:"]
[null,"Рыбакова О.В."]

{"sheet":"221","index":11,"n_rows":23,"n_cols":6,"rows_kept":23,"cut":false,"hidden":false,"merged":[[21,0,21,1],[22,0,22,1],[0,0,0,5],[18,0,18,1],[20,0,20,3],[2,0,2,4],[4,0,4,4]]}
["Расчет (обоснование) расходов на оплату услуг связи на 2022 год"]
[]
["Код видов расходов 244\nИсточник финансового обеспечения: субсидии из областного бюджета на финансовое обеспечение выполнения Учреждением государственного задания на оказание государственных услуг"]
[]
["Услуги связи (КОСГУ 221)"]
["N п/п","Наименование расходов","Количество  ","Количество платежей в год","Стоимость за единицу, руб.","Сумма, руб. (гр. 3 x гр. 4 x гр. 5)"]
[1,2,3,4,5,6]
[1,"Пользование сетью интернет",1,12,9000,{"$f":"C8*D8*E8","v":108000}]
[{"$f":"A8+1","v":2},"Абонентская плата",13,12,250.91,47174.400000000001]
[{"$f":"A9+1","v":3},"Абонентская плата",1,12,249.6,{"$f":"C10*D10*E10","v":2995.2}]
[4,"Доставка звуковой программы  по сети радиовещания",11,12,132,{"$f":"C11*D11*E11","v":17424}]
[5,"Внутризоновое соединение на абоненты сотовой и фиксированной  связи (мин)",900,12,1.86,{"$f":"C12*D12*E12","v":20088}]
[6,"Местный трафик (повременная система) (мин)",2457,12,0.7,20638.400000000001]
[7,"Абонентская плата за поддержку почтового ящика (домен)",1,4,420,1680]
[8,"Конверты маркированные (шт)",1000,1,32,{"$f":"C15*E15","v":32000}]
[null,"Итого:","x","x","x",{"$f":"SUM(F8:F15)","v":250000}]
[]
[]
["Директор",{"$nulls":4},"М.И. Жинько"]
[]
["Главный бухгалтер",{"$nulls":4},"А.А. Кирик"]
["Испонители:"]
["Рыбакова О.В."]

{"sheet":"221 остаток","index":12,"n_rows":15,"n_cols":6,"rows_kept":15,"cut":false,"hidden":false,"merged":[[13,0,13,1],[14,0,14,1],[0,0,0,5],[2,0,2,4],[4,0,4,4],[10,0,10,1],[12,0,12,3]]}
["Расчет (обоснование) расходов на оплату услуг связи на 2022 год"]
[]
["Код видов расходов 244\nИсточник финансового обеспечения: субсидии из областного бюджета на финансовое обеспечение выполнения Учреждением государственного задания на оказание государственных услуг"]
[]
["Услуги связи (КОСГУ 221)"]
["N п/п","Наименование расходов","Количество  ","Количество платежей в год","Стоимость за единицу, руб.","Сумма, руб. (гр. 3 x гр. 4 x гр. 5)"]
[1,2,3,4,5,6]
[1,"Остаток с 2021 года","Х","Х",9581.18,{"$f":"E8","v":9581.18}]
[null,"Итого:","x","x","x",{"$f":"SUM(F8:F8)","v":9581.18}]
[]
["Директор",{"$nulls":4},"М.И. Жинько"]
[]
["Главный бухгалтер",{"$nulls":4},"А.А. Кирик"]
["Исполнители:"]
["Рыбакова О.В."]

{"sheet":"211 и 213","index":13,"n_rows":115,"n_cols":5,"rows_kept":115,"cut":false,"hidden":false,"merged":[[2,0,2,4],[18,0,20,0],[18,1,20,1],[18,2,20,2],[18,3,20,3],[18,4,20,4],[7,0,7,4],[9,0,9,4],[13,0,14,0],[13,1,14,1],[13,2,14,2],[13,3,14,3],[13,4,14,4],[110,3,110,4],[113,0,113,1],[114,0,114,1],[4,0,4,3],[6,0,6,3],[91,0,91,4],[34,0,34,4],[50,0,50,4],[59,0,59,4],[69,0,69,4],[81,0,81,4],[22,0,23,0],[22,1,23,1],[22,2,23,2],[22,3,23,3],[22,4,23,4]]}
[]
[]
["Расчет (обоснование) расходов на заработную плату, наисления на выплаты по оплате труда,  социальные пособия и компенсации персоналу в денежной форме на 2022 год"]
[]
["Код видов расходов 211,213\nИсточник финансового обеспечения: субсидии из областного бюджета на финансовое обеспечение выполнения Учреждением государственного задания на оказание государственных услуг"]
[]
["Заработная плата (КОСГУ 211), Начисления на выплаты по оплате труда (КОСГУ 213,  социальные пособия и компенсации персоналу в денежной форме (КОСГУ 266)"]
[]
["Наименование должностей","начислена з/пл",0.30199999999999999,"итого основ.","итого вспом."]
["1.Социально-бытовые услуги"]
["1.   (зарплата КНС,котельной)",1399306,{"$f":"SUM(B11*C9)","v":422590.41200000001},null,{"$f":"SUM(B11+C11)","v":1821896.412}]
[]
["2. сотр.пищеблока,сан.буф",1996300,{"$f":"SUM(B13*C9)","v":602882.6},{"$f":"SUM(B13:C13)","v":2599182.6}]
["2.  сотр.пищеблока, бухгалтер, зав.складом",1152378,{"$f":"SUM(B14*C9)","v":348018.15600000002},null,{"$f":"SUM(B14+C14)","v":1500396.156}]
[]
[]
["3.  бух.,швея, прачка,с/х",2868417,{"$f":"SUM(B17*C9)","v":866261.93400000001},null,{"$f":"SUM(B17+C17)","v":3734678.9339999999}]
[]
["4. рук.кр, библиот., пелагог-орган.,воспитатель1/6,метод, зав.отд.",5557517,{"$f":"SUM(B19*C9)","v":1678370.1339999998},{"$f":"SUM(B19:C19)","v":7235887.1339999996}]
[]
[]
[]
["5. сан.палат, сан.банщ.,парикм.",29018928,8910355,{"$f":"SUM(B23:C23)","v":37929283}]
[]
[]
["7. сан.уборщ",1690881,{"$f":"SUM(B26*C9)","v":510646.06199999998},{"$f":"SUM(B26:C26)","v":2201527.0619999999}]
["7.уборщ.помещ",844563,{"$f":"SUM(B27*C9)","v":255058.02599999998},null,{"$f":"SUM(B27+C27)","v":1099621.0260000001}]
["прочий перс.",5625248,{"$f":"SUM(B28*C9)","v":1698824.8959999999},null,{"$f":"SUM(B28+C28)","v":7324072.8959999997}]
["Итого услуга 1 ",{"$f":"SUM(B11:B28)","v":50153538},{"$f":"SUM(C11:C28)","v":15293007.220000001},{"$f":"SUM(D11:D27)","v":49965879.795999996},{"$f":"SUM(E11:E28)","v":15480665.424000001}]
["основ. персонал",{"$f":"SUM(B13+B19+B23+B26)","v":38263626},{"$f":"SUM(C13+C19+C23+C26)","v":11702253.796}]
["вспом.персонал",{"$f":"SUM(B11+B14+B17+B27+B28)","v":11889912},{"$f":"SUM(C11+C14+C17+C27+C28)","v":3590753.4239999996}]
["Итого услуга 1 с уменьшением на 5%",{"$f":"B33+B34","v":47645861.100000001},{"$f":"C33+C34","v":14528356.858999999},{"$f":"B33+C33","v":47467585.806200005},{"$f":"B34+C34","v":14706632.152799999}]
["основ. персонал",{"$f":"B30/100*95","v":36350444.700000003},{"$f":"C30/100*95","v":11117141.1062}]
["вспом.персонал",{"$f":"B31/100*95","v":11295416.4},{"$f":"C31/100*95","v":3411215.7527999994}]
["2.Социально-медицинские услуги"]
["1. врачи, ср.м/п 3/4",5211928,1591512,{"$f":"SUM(B36:C36)","v":6803440}]
[]
["2.медстр.ЛФК, массаж.,физио",1317893,{"$f":"SUM(B38*C9)","v":398003.68599999999},{"$f":"SUM(B38:C38)","v":1715896.686}]
[]
["7. врач ЛФК, ФЗК",259451,{"$f":"SUM(B40*C9)","v":78354.202000000005},{"$f":"SUM(B40:C40)","v":337805.20199999999}]
[]
["9. водители 2/3",332914,{"$f":"SUM(B42*C9)","v":100540.02799999999},null,{"$f":"SUM(B42+C42)","v":433454.02799999999}]
[]
["прочий перс.",900204,{"$f":"SUM(B44*C9)","v":271861.60800000001},null,{"$f":"SUM(B44+C44)","v":1172065.608}]
["Итого услуга 2",{"$f":"SUM(B36:B44)","v":8022390},{"$f":"SUM(C36:C44)","v":2440271.5240000002},{"$f":"SUM(D36:D43)","v":8857141.8880000003},{"$f":"SUM(E36:E44)","v":1605519.6359999999}]
["основ. персонал",{"$f":"SUM(B36+B38+B40)","v":6789272},{"$f":"SUM(C36+C38+C40)","v":2067869.888}]
["вспом.персонал",{"$f":"SUM(B42+B44)","v":1233118},{"$f":"SUM(C42+C44)","v":372401.636}]
["Итого услуга 2 с уменьшением на 5%",{"$f":"B49+B50","v":7621270.5},{"$f":"C49+C50","v":2318257.9478000002},{"$f":"B49+C49","v":8414284.7936000004},{"$f":"B50+C50","v":1525243.6542000002}]
["основ. персонал",{"$f":"B46/100*95","v":6449808.4000000004},{"$f":"C46/100*95","v":1964476.3936000001}]
["вспом.персонал",{"$f":"B47/100*95","v":1171462.1000000001},{"$f":"C47/100*95","v":353781.55420000001}]
["3.Социально-психологические услуги"]
["1. педагог-психолог",380787,{"$f":"SUM(B52*C9)","v":114997.674},{"$f":"SUM(B52:C52)","v":495784.674}]
["прочий перс.",48299,{"$f":"SUM(B53*C9)","v":14586.297999999999},null,{"$f":"SUM(B53+C53)","v":62885.297999999995}]
["Итого услуга 3",{"$f":"SUM(B52:B53)","v":429086},{"$f":"SUM(C52:C53)","v":129583.97199999999},{"$f":"SUM(D52:D53)","v":495784.674},{"$f":"SUM(E52:E53)","v":62885.297999999995}]
["основ. персонал",{"$f":"SUM(B52)","v":380787},{"$f":"SUM(C52)","v":114997.674}]
["вспом.персонал",{"$f":"SUM(B53)","v":48299},{"$f":"SUM(C53)","v":14586.297999999999}]
["Итого услуга 3 с уменьшением на 5%",{"$f":"B58+B59","v":407631.69999999995},{"$f":"C58+C59","v":123104.77340000001},{"$f":"B58+C58","v":470995.44029999996},{"$f":"B59+C59","v":59741.033100000001}]
["основ. персонал",{"$f":"B55/100*95","v":361747.64999999997},{"$f":"C55/100*95","v":109247.79030000001}]
["вспом.персонал",{"$f":"B56/100*95","v":45884.05},{"$f":"C56/100*95","v":13856.983099999999}]
["4.Социально-педагогические услуги"]
["1.воспит.3/6, учителя,инстр.физ.",12286052,{"$f":"SUM(B61*C9)","v":3710387.7039999999},{"$f":"SUM(B61:C61)","v":15996439.704}]
["1.зам.дир УВР,бух",431885,{"$f":"SUM(B62*C9)","v":130429.26999999999},null,{"$f":"SUM(B62+C62)","v":562314.27}]
["прочий перс.",1607214,{"$f":"SUM(B63*C9)","v":485378.62799999997},null,{"$f":"SUM(B63+C63)","v":2092592.628}]
["Итого услуга 4",{"$f":"SUM(B61:B63)","v":14325151},{"$f":"SUM(C61:C63)","v":4326195.602},{"$f":"SUM(D61:D62)","v":15996439.704},{"$f":"SUM(E61:E63)","v":2654906.898}]
["основ. персонал",{"$f":"SUM(B61)","v":12286052},{"$f":"SUM(C61)","v":3710387.7039999999}]
["вспом.персонал",{"$f":"SUM(B62+B63)","v":2039099},{"$f":"SUM(C62+C63)","v":615807.89799999993}]
["Итого услуга 4 с уменьшением на 5%",{"$f":"B68+B69","v":13608893.450000001},{"$f":"C68+C69","v":4109885.8218999999},{"$f":"B68+C68","v":15196617.718800001},{"$f":"B69+C69","v":2522161.5531000001}]
["основ. персонал",{"$f":"B65/100*95","v":11671749.4},{"$f":"C65/100*95","v":3524868.3188}]
["вспом.персонал",{"$f":"B66/100*95","v":1937144.05},{"$f":"C66/100*95","v":585017.50309999997}]
["5.Социально-трудовые услуги"]
["1. инструктор, мастер, восп1/6",7698416,{"$f":"SUM(B71*C9)","v":2324921.6319999998},{"$f":"SUM(B71:C71)","v":10023337.631999999}]
[]
["3. кадры",308358,{"$f":"SUM(B73*C9)","v":93124.115999999995},null,{"$f":"SUM(B73+C73)","v":401482.11599999998}]
["3.соц.педагог(2)",978665,{"$f":"SUM(B74*C9)","v":295556.83},{"$f":"SUM(B74:C74)","v":1274221.83}]
["прочий перс.",1135531,{"$f":"SUM(B75*C9)","v":342930.36199999996},null,{"$f":"SUM(B75+C75)","v":1478461.362}]
["Итого услуга 5",{"$f":"SUM(B71:B75)","v":10120970},{"$f":"SUM(C71:C75)","v":3056532.9399999995},{"$f":"SUM(D71:D74)","v":11297559.461999999},{"$f":"SUM(E71:E75)","v":1879943.4779999999}]
["основ. персонал",{"$f":"SUM(B71+B74)","v":8677081},{"$f":"SUM(C71+C74)","v":2620478.4619999998}]
["вспом.персонал",{"$f":"SUM(B73+B75)","v":1443889},{"$f":"SUM(C73+C75)","v":436054.47799999994}]
["Итого услуга 5 с  уменьшением на 5%",{"$f":"B80+B81","v":9614921.5},{"$f":"C80+C81","v":2903706.2930000001},{"$f":"B80+C80","v":10732681.4889},{"$f":"B81+C81","v":1785946.3040999998}]
["основ. персонал",{"$f":"B77/100*95","v":8243226.9500000002},{"$f":"C77/100*95","v":2489454.5389}]
["вспом.персонал",{"$f":"B78/100*95","v":1371694.55},{"$f":"C78/100*95","v":414251.7540999999}]
["6.Социально-правовые услуги"]
["1. соц.раб, спец.по соц.раб",1587325,{"$f":"SUM(B83*C9)","v":479372.14999999997},{"$f":"SUM(B83:C83)","v":2066697.15}]
["1.делопр., юрист,зам дир",1120086,{"$f":"SUM(B84*C9)","v":338265.97200000001},null,{"$f":"SUM(B84+C84)","v":1458351.9720000001}]
["прочий перс.",341173,{"$f":"SUM(B85*C9)","v":103034.246},null,{"$f":"SUM(B85+C85)","v":444207.24599999998}]
["Итого услуга 6",{"$f":"SUM(B83:B85)","v":3048584},{"$f":"SUM(C83:C85)","v":920672.36800000002},{"$f":"SUM(D83:D84)","v":2066697.15},{"$f":"SUM(E83:E85)","v":1902559.2180000001}]
["основ. персонал",{"$f":"SUM(B83)","v":1587325},{"$f":"SUM(C83)","v":479372.14999999997}]
["вспом.персонал",{"$f":"SUM(B84+B85)","v":1461259},{"$f":"SUM(C84+C85)","v":441300.21799999999}]
["Итого услуга 6 с  уменьшением на 5%",{"$f":"B90+B91","v":2896154.8},{"$f":"C90+C91","v":874638.74959999998},{"$f":"B90+C90","v":1963362.2925},{"$f":"B91+C91","v":1807431.2571}]
["основ. персонал",{"$f":"B87/100*95","v":1507958.75},{"$f":"C87/100*95","v":455403.54249999998}]
["вспом.персонал",{"$f":"B88/100*95","v":1388196.05},{"$f":"C88/100*95","v":419235.20709999994}]
["7. Услуги в целях повышения коммуникативного потенциала получателей социальных услуг, имеющих ограничения жизнидеятельности, в том числе детей инвалидов"]
["2. восп.1/6,медики1/4",4235098,1284837,{"$f":"SUM(B93:C93)","v":5519935}]
["3. водители1/3",166457,{"$f":"SUM(B94*C9)","v":50270.013999999996},null,{"$f":"SUM(B94+C94)","v":216727.014}]
["деж.по режиму",332914,{"$f":"SUM(B95*C9)","v":100540.02799999999},{"$f":"SUM(B95:C95)","v":433454.02799999999}]
["4. рук.круж Пигаева",154179,{"$f":"SUM(B96*C9)","v":46562.057999999997},{"$f":"SUM(B96:C96)","v":200741.05799999999}]
["прочий перс.",618633,{"$f":"SUM(B97*C9)","v":186827.166},null,{"$f":"SUM(B97+C97)","v":805460.16599999997}]
["Итого услуга 7",{"$f":"SUM(B93:B97)","v":5507281},{"$f":"SUM(C93:C97)","v":1669036.2659999998},{"$f":"SUM(D93:D96)","v":6154130.0860000001},{"$f":"SUM(E93:E97)","v":1022187.1799999999}]
["основ. персонал",{"$f":"SUM(B93+B95+B96)","v":4722191},{"$f":"SUM(C93+C95+C96)","v":1431939.0859999999}]
["вспом.персонал",{"$f":"SUM(B94+B97)","v":785090},{"$f":"SUM(C94+C97)","v":237097.18}]
["Итого услуга 7 с  уменьшением на 5%",{"$f":"B102+B103","v":5231916.95},{"$f":"C102+C103","v":1585584.4527},{"$f":"B102+C102","v":5846423.5817},{"$f":"B103+C103","v":971077.821}]
["основ. персонал",{"$f":"B99/100*95","v":4486081.45},{"$f":"C99/100*95","v":1360342.1317}]
["вспом.персонал",{"$f":"B100/100*95","v":745835.5},{"$f":"C100/100*95","v":225242.32099999997}]
[]
["Всего  осн.",{"$f":"SUM(B13+B19+B23+B26+B36+B38+B40+B52+B61+B71+B74+B83+B93+B96+B95)","v":72706334},{"$f":"SUM(C13+C19+C23+C26+C36+C38+C40+C52+C61+C71+C74+C83+C93+C96+C95)","v":22127298.759999994},{"$f":"SUM(D29+D45+D52+D64+D76+D86+D98)","v":94833632.760000005}]
["Всего вспом.",{"$f":"SUM(B11+B14+B17+B27+B42+B62+B73+B84+B94+B28+B44+B53+B63+B75+B85+B97)","v":18900666},{"$f":"SUM(C11+C14+C17+C27+C42+C62+C73+C84+C94+C28+C44+C53+C63+C75+C85+C97)","v":5708001.1320000002},null,{"$f":"SUM(E29+E45+E64+E76+E86+E98+E54)","v":24608667.132000003}]
["ИТОГО на 2022",{"$f":"SUM(B105:B106)","v":91607000},{"$f":"SUM(C105:C106)","v":27835299.891999993}]
[]
[]
[]
["Заместитель главного бухгалтера",null,null,"Н.В. Пономарева"]
[]
[]
["Исполнители:"]
["Рыбакова О.В."]

{"sheet":"346 бланки","index":14,"n_rows":31,"n_cols":5,"rows_kept":31,"cut":false,"hidden":false,"merged":[[2,0,2,4],[1,0,1,4],[3,0,3,4],[5,0,6,0],[5,1,6,1],[5,2,6,2],[5,3,6,3],[5,4,6,4],[25,0,25,1],[27,0,27,3],[29,0,29,1],[30,0,30,1],[4,1,4,3]]}
[]
["Расчет (обоснование) расходов на приобретение прочих материальных запасов (бланки) на 2022 год "]
["Код видов расходов 244\nИсточник финансового обеспечения: субсидии из областного бюджета на финансовое обеспечение выполнения Учреждением государственного задания на оказание государственных услуг"]
[]
[null,"Увеличение стоимости прочих материальных запасов (КОСГУ 346)"]
["№ п/п","Наименование расходов","Кол-во на год","Средняя стоимость, руб","Сумма, руб"]
[]
[1,"Карточка складского учета","1000",5.56,{"$f":"C8*D8","v":5560}]
[2,"Путевой лист грузового автомобиля 4-С",500,0.3,{"$f":"C9*D9","v":150}]
[3,"Путевой лист легкового автомобиля ф.3","500",1.1399999999999999,570]
[4,"Книга \"Журнал предрейсового медосмотра\"","3",123.84,371.52]
[5,"Книга \"Журнал регистрации вводного инструктажа\"","3",44.68,134.04]
[6,"Книга \"Журнал учета путевых листов\"",10,44.6,446]
[7,"Табель рабочего времени",2000,1.27,2540]
[8,"График рабочего времени",2000,0.85,1700]
[9,"Журнал бракеража пищевых продуктов и продовольственного сырья",6,181.5,1089]
[10,"Бланк \"Лист диспансерного осмотра\"","200",1.52,304]
[11,"Бланк \"Процедурная карта\"","100",0.97,97]
[12,"Бланк \"В рентгеновский кабинет\"",400,0.67,268]
[13,"Бланк \"Листок статистического учета прибытия\"","51",3.3,168.29999999999998]
[14,"Бланк \"\"Карта больного, лечащегося в физиотерапевтическом отделении\"",200,1.1482000000000001,229.64000000000001]
[15,"Бланк \"Карта регистрации\"",50,10.45,522.5]
[16,"Бланк \"Направление на медико-социальную экспертизу+вкладыш\"",100,11,1100]
[null,"Итого:","Х","Х",{"$f":"SUM(E8:E23)","v":15250}]
[]
["Директор",null,null,null,"М.И. Жинько"]
[]
["Главный бухгалтер",null,null,null,"А.А. Кирик"]
[]
["Исполнители:"]
["Рыбакова О.В."]

{"sheet":"346 дезсредства ","index":15,"n_rows":34,"n_cols":5,"rows_kept":34,"cut":false,"hidden":false,"merged":[[34,0,34,1],[35,0,35,1],[1,0,1,4],[3,0,3,4],[5,0,6,4],[7,0,8,0],[7,1,8,1],[7,2,8,2],[7,3,8,3],[7,4,8,4],[27,0,27,1],[29,0,29,3],[31,0,31,1],[33,0,33,1]]}
[]
["Расчет (обоснование) расходов на приобретение прочих материальных запасов (дезсредства) на 2022 год "]
[]
["Код видов расходов 244\nИсточник финансового обеспечения: субсидии из областного бюджета на финансовое обеспечение выполнения Учреждением государственного задания на оказание государственных услуг"]
[]
["Увеличение стоимости прочих материальных запасов (КОСГУ 346)"]
[]
["№ п/п","Наименование расходов","Кол-во на год","Средняя стоимость, руб","Сумма, руб"]
[]
[1,"Дезинфицирующее средство 3Д-Септ, объем 1 л",330,584.4,{"$f":"C10*D10","v":192852}]
[2,"Антисептик, 1л",260,267.5,{"$f":"C11*D11","v":69550}]
[3,"Мыло антисептическое",20,129.9,{"$f":"C12*D12","v":2598}]
[null,"Итого","Х","Х",{"$f":"SUM(E9:E12)","v":265000}]
[]
[null,"Предоставление всех видов услуг","Разделение на услуги пропорционально, согласно занимаемым площадям",0]
[null,"Предоставление социально-бытовых услуг",32.4,{"$f":"C16*D15/100","v":0}]
[null,"Предоставление социально-медицинских услуг",7.58,{"$f":"C17*D15/100","v":0}]
[null,"Предоставление социально-психологических услуг",4.21,{"$f":"C18*D15/100","v":0}]
[null,"Предоставление социально-педагогических услуг",24.86,{"$f":"C19*D15/100","v":0}]
[null,"Предоставление-социально трудовых услуг",4.1100000000000003,{"$f":"C20*D15/100","v":0}]
[null,"Предоставление социально-правовых услуг",5.27,{"$f":"C21*D15/100","v":0}]
[null,"Предоставление услуг в целяхповшения коммуникативного потенциала получателей социальных услуг, имеющих ограничения жизнидеятельности, в том числе детей инвалидов",21.57,{"$f":"C22*D15/100","v":0}]
[null,null,{"$f":"SUM(C16:C22)","v":100},{"$f":"SUM(D16:D22)","v":0}]
[]
[]
[]
[]
["Директор",null,null,null,"М.И. Жинько"]
[]
["Главный бухгалтер",null,null,null,"А.А. Кирик"]
[]
["Исполнители:"]
[]
["Рыбакова О.В."]

{"sheet":"346 канцтовары воспитан","index":16,"n_rows":50,"n_cols":5,"rows_kept":50,"cut":false,"hidden":false,"merged":[[48,0,48,1],[49,0,49,1],[1,0,1,4],[3,0,3,4],[5,0,5,4],[7,0,8,0],[7,1,8,1],[7,2,8,2],[7,3,8,3],[7,4,8,4],[44,0,44,1],[46,0,46,3]]}
[]
["Расчет (обоснование) расходов на приобретение прочих материальных запасов (канцелярские товары для образовательного процесса) на 2022 год "]
[]
["Код видов расходов 244\nИсточник финансового обеспечения: субсидии из областного бюджета на финансовое обеспечение выполнения Учреждением государственного задания на оказание государственных услуг"]
[]
["Увеличение стоимости прочих материальных запасов (КОСГУ 346)"]
[]
["№ п/п","Наименование расходов","Кол-во на год","Средняя стоимость, руб","Сумма, руб"]
[]
[1,"Бумага формата А3 ",10,600,{"$f":"C10*D10","v":6000}]
[2,"Бумага формата А4",40,300,{"$f":"C11*D11","v":12000}]
[3,"Фотобумага ",2,750,1500]
[4,"Бумага цветная для печати",4,670,2680]
[5,"Пленка для ламинирования",2,720,1440]
[6,"Тетрадь клетка",110,14,1540]
[7,"Тетрадь линейка",110,14,1540]
[8,"Ручка шариковая",100,44,4400]
[9,"Прописи разные",50,150,{"$f":"C18*D18","v":7500}]
[10,"Карандаши цветные 18 цветов",70,320,22400]
[11,"Карандаши цветные 12 цветов",65,155,10075]
[12,"Карандаш чернографический",50,24,1200]
[13,"Ручка гелевая",50,28,1400]
[14,"Классный журнал",12,267.08332999999999,3204.9999600000001]
[15,"Файлы 100 шт.",6,320,1920]
[16,"Бумага цветная  ",90,30,{"$f":"C25*D25","v":2700}]
[17,"Картон цветной",90,100,9000]
[18,"Картон белый",85,80,6800]
[19,"Клей карандаш",70,50,3500]
[20,"Клей пва 500гр.",16,160,2560]
[21,"Альбом для рисования 40л.",85,88,7480]
[22,"Краски акварельные ",40,120,4800]
[23,"Гуашь",50,292,14600]
[24,"Кисти для рисования",50,45,2250]
[25,"Ватман А1 100 листов",1,3500,3500]
[26,"Пластилин",70,128,8960]
[27,"Скотч",20,105,2100]
[28,"Скобы для степлера",10,35,350]
[28,"Папка скоросшиватель",10,40,400]
[29,"Папка скоросшиватель архивная",10,220,{"$f":"C39*D39","v":2200}]
[null,"Итого","Х","Х",{"$f":"SUM(E9:E39)","v":149999.99995999999}]
[]
[]
[]
[]
["Директор",null,null,null,"М.И. Жинько"]
[]
["Главный бухгалтер",null,null,null,"А.А. Кирик"]
[]
["Исполнители:"]
["Рыбакова О.В."]

{"sheet":"346 канцтовары администр","index":17,"n_rows":42,"n_cols":5,"rows_kept":42,"cut":false,"hidden":false,"merged":[[0,0,0,4],[4,0,4,4],[6,0,7,0],[6,1,7,1],[6,2,7,2],[6,3,7,3],[6,4,7,4],[36,0,36,1],[38,0,38,3],[40,0,40,1],[41,0,41,1],[2,0,2,4]]}
["Расчет (обоснование) расходов на приобретение прочих материальных запасов (канцелярские товары для общехозяйственных нужд) на 2022 год "]
[]
["Код видов расходов 244\nИсточник финансового обеспечения: субсидии из областного бюджета на финансовое обеспечение выполнения Учреждением государственного задания на оказание государственных услуг"]
[]
["Увеличение стоимости прочих материальных запасов (КОСГУ 346)"]
[]
["№ п/п","Наименование расходов","Кол-во на год","Средняя стоимость, руб","Сумма, руб"]
[]
[1," Бумага офисная А4, ",230,239.61,{"$f":"D9*C9","v":55110.3}]
[2,"Блок для записей STAFF непроклеенный, ",5,120.57,602.84999999999991]
[3," Дырокол ",3,342.91,1028.73]
[4,"Закладки клейкие (пластиковые)",50,28.153199999999998,1407.6599999999999]
[5," Калькулятор ",3,819.5,2458.5]
[6," Карандаши ч/г",20,12.78,255.6]
[7," Клей-карандаш",5,63.8,319]
[8,"Клейкая лента 48мм х 66м ",8,138.41999999999999,1107.3599999999999]
[9,"Клейкая лента 12мм х 33м прозрачн",5,17.88,89.399999999999991]
[10,"Книга учета 96л, А4",50,95.77,4788.5]
[11," Корректирующая лента",10,85.09,850.90000000000009]
[12,"Линейка пластик 30 см ",2,71.5,143]
[13,"Ластик",5,24.2,121]
[14," Папки-файлы перфорированные А4 ",5,239.98,1199.8999999999999]
[15,"Ручка шариковая  синяя",50,23.61,1180.5]
[16,"Скоросшиватель картонный STAFF,  200л.",50,9.08,454]
[17,"Скобы для степлера № 24/6",10,50.6,506]
[18,"Скобы для степлера № 10",15,39.82,597.29999999999995]
[19,"Скрепки  28 мм, металлические, 100 шт.,  ",20,33,660]
[20,"Степлер №24",5,244.9,1224.5]
[21,"Степлер №10",5,175.21,876.05000000000007]
[22,"Стержень шариковый  синий",30,9.9,297]
[23,"Текстмарке, лимонный",5,27.27,136.35]
[24,"Текстмаркер зеленый",3,46.2,138.60000000000002]
[25,"Папка-регистратор ",100,101.17,10117]
[26,"Тетрадь 48л. ",10,33,330]
[null,"Итого:","Х","Х",{"$f":"SUM(E9:E34)","v":86000.000000000015}]
[]
["Директор",null,null,null,"М.И. Жинько"]
[]
["Главный бухгалтер",null,null,null,"А.А. Кирик"]
[]
["Исполнители:"]
["Рыбакова О.В."]

{"sheet":"346 моющие","index":18,"n_rows":35,"n_cols":5,"rows_kept":35,"cut":false,"hidden":false,"merged":[[29,0,29,1],[31,0,31,3],[33,0,33,1],[34,0,34,1],[1,0,1,4],[6,0,7,0],[3,0,3,4],[5,0,5,4],[6,1,7,1],[6,2,7,2],[6,3,7,3],[6,4,7,4]]}
[]
["Расчет (обоснование) расходов на приобретение прочих материальных запасов (моющие  средства) на 2022 год"]
[]
["Код видов расходов 244\nИсточник финансового обеспечения: субсидии из областного бюджета на финансовое обеспечение выполнения Учреждением государственного задания на оказание государственных услуг"]
[]
["Увеличение стоимости прочих материальных запасов (КОСГУ 346)"]
["№ п/п","Наименование расходов","Кол-во на год","Средняя стоимость, руб","Сумма, руб"]
[]
[1,"Средство для мытья посуды 500мл, л",120,52.51,{"$f":"C9*D9","v":6301.2}]
[2,"Стиральный порошок автомат 20 кг, кг",480,29.41,14116.8]
[3,"Стиральный порошок автомат 3кг. Тайд, кг",36,165,5940]
[4,"Мыло хозяйственное 72%, 200г, кг",98.4,90.07,8862.887999999999]
[5,"Средство для отбеливания и чистки тканей 600 г БОС плюс Maximum порошок, кг",74.400000000000006,149.51,11123.544]
[6,"Средство для отбеливания и чистки тканей 250г Белизна порошок, кг",36,94.99,3419.64]
[7,"Сода кальценировання 600гр., кг",43.2,40.340000000000003,1742.6880000000003]
[8,"Средство для мытья окон 500мл., л",24,75.56,1813.44]
[9,"Освежитель воздуха аэрозольный 300мл, л",79.2,166.1,13155.12]
[10,"Средство д/сантех.Санокс гель 750мл., л",324,84.85,27491.399999999998]
[11,"Средство д/сантех.Санфор гель 750мл., л",135,84.85,11454.75]
[12,"Чистящее средство 400г порошок, кг",206.4,64.58,13329.312]
[13,"Средство для мытья пола 1л, л",432,41.26,17824.32]
[14,"Тринатрий фосфат 1кг, кг",84,63.98,5374.32]
[15,"Белизна 1л, л",132,28.29,3734.2799999999997]
[16,"Зубная паста 100мл, кг",165.6,386.96,64080.575999999994]
[17,"Мыло туалетное 100г., кг",270,122.17,32985.9]
[18,"Мыло жидкое 5л, л",60,312.75566600000002,18765.339960000001]
[19,"Шампунь 1л., л",192,44.19,8484.48]
[null,"Итого:","Х","Х",{"$f":"SUM(E9:E27)","v":269999.99796000001}]
[]
["Директор",null,null,null,"М.И. Жинько"]
[]
["Главный бухгалтер",null,null,null,"А.А. Кирик"]
[]
["Исполнители:"]
["Рыбакова О.В."]

{"sheet":"346 запчасти","index":19,"n_rows":25,"n_cols":5,"rows_kept":25,"cut":false,"hidden":false,"merged":[[19,0,19,1],[21,0,21,3],[23,0,23,1],[24,0,24,1],[1,0,1,4],[3,0,3,4],[5,0,5,4],[7,0,8,0],[7,1,8,1],[7,2,8,2],[7,3,8,3],[7,4,8,4]]}
[]
["Расчет (обоснование) расходов на приобретение прочих материальных запасов (запасные части) на 2022 год "]
[]
["Код видов расходов 244\nИсточник финансового обеспечения: субсидии из областного бюджета на финансовое обеспечение выполнения Учреждением государственного задания на оказание государственных услуг"]
[]
["Увеличение стоимости прочих материальных запасов (КОСГУ 346)"]
[]
["№ п/п","Наименование расходов","Кол-во на год","Средняя стоимость, руб","Сумма, руб"]
[]
[1,"Аккумулятор","2",7500,{"$f":"C10*D10","v":15000}]
[2,"Фильтр воздушный ","2",1200,2400]
[3,"Фильтр масляный ","4",1000,4000]
[4,"Колодки тормозные передние","2",2500,5000]
[5,"Колодки тормозные задние","2",2500,5000]
[6,"Шины ","4",4650,18600]
[null,"Итого","Х","Х",{"$f":"SUM(E10:E15)","v":50000}]
[]
[]
[]
["Директор",null,null,null,"М.И. Жинько"]
[]
["Главный бухгалтер",null,null,null,"А.А. Кирик"]
[]
["Исполнитель:"]
["Рыбакова О.В."]

{"sheet":"346 хозинвентарь","index":20,"n_rows":84,"n_cols":5,"rows_kept":84,"cut":false,"hidden":false,"merged":[[82,0,82,1],[83,0,83,1],[84,0,84,1],[0,0,0,4],[2,0,2,4],[4,0,4,4],[78,0,78,1],[80,0,80,3]]}
["Расчет (обоснование) расходов на приобретение прочих материальных запасов (хозяйственный инвентарь) на 2022 год "]
[]
["Код видов расходов 244\nИсточник финансового обеспечения: субсидии из областного бюджета на финансовое обеспечение выполнения Учреждением государственного задания на оказание государственных услуг"]
[]
["Увеличение стоимости прочих материальных запасов (КОСГУ 346)"]
[]
["№ п/п","Наименование расходов","Кол-во на год","Средняя стоимость, руб","Сумма, руб"]
[1,"Мочалка  банная с 2 ручками",684,62.47,{"$f":"C8*D8","v":42729.479999999996}]
[{"$f":"A8+1","v":2},"Корзина для белья объем - 50 л, с крышкой",20,574.66999999999996,11493.4]
[{"$f":"A9+1","v":3},"Зубная щетка",2052,28.9,59302.799999999996]
[4,"Клей момент универсальный",30,150,4500]
[5,"Секатор ручной диаметр резки, до 24 мм ",1,400,400]
[6,"Бочка пластиковая 60 л, с крышкой",3,935.33,2805.9900000000002]
[7,"Черенок деревянный, универсальный",50,81.38,4069]
[8,"Тряпкодержатель металлический (швабра) с деревянным черенком",30,51.12,1533.6]
[9,"Щетка - сметка с деревянной ручкой",40,124.16,4966.3999999999996]
[10,"Ткань для мытья полов хлопчатобумажная (в рулонах)",5,2115.42,10577.1]
[11,"Ведро Пластмассовое, 10 л",50,88.21,4410.5]
[12,"Черенок для лопаты совковой, деревянный",40,73.56,2942.4]
[13,"Насадка для швабры, МОП, х/б",10,185.31,1853.1]
[14,"Таз пластиковый, 10 л., круглый",40,96.33,3853.2]
[15,"Ерш для туалета",30,79,2370]
[16,"Техническая соль вес - 20 кг",50,390,19500]
[17,"Лопата совковая",30,220.67,6620.0999999999995]
[18,"Лопата снеговая Материал-пластик, черенок-деревянный,  с оцинкованным наконечником",30,245.18,7355.4000000000005]
[19,"Колесо для садовой тачки бескамерное",6,806.745,4840.47]
[20,"Ледоруб",10,400,4000]
[21,"Метла березовая",600,50,30000]
[22,"Фумигатор",41,100,4100]
[23,"Пластины от комаров",450,20,9000]
[24,"Лопата штыковая",15,250,3750]
[25,"Метла синтетическая",50,250,12500]
[26,"Грабли",50,155,7750]
[27,"Поролон",10,435.67,4356.7]
[28,"Клейкая лента",100,123.33,12333]
[29,"Ведро пластмассовое, 7л.",17,76.33,1297.6099999999999]
[30,"Цилиндрический механизм",15,404.5,6067.5]
[31,"Семена",500,30,15000]
[32,"Грунт универсальный 50л",12,438.9,5266.7999999999993]
[33,"Средство для защиты растений",100,50,5000]
[34,"Губка (мочалка) для посуды металлическая ",130,19.2,2496]
[35,"Бумага туалетная ",3079,11.2,{"$f":"C42*D42","v":34484.799999999996}]
[36,"Прокладки Bella женские, гигиенические",420,40.65,17073]
[37,"Мешки для мусора (30 л - 30 шт)",624,29.96,18695.04]
[38,"Перчатки хоз.латексные ОФИСМАГ, с х/б напылением",553,42.82,23679.46]
[39,"Мешки д/мусора 120л (10шт.)",300,140.75,42225]
[40,"Бюретка без крана объемом 100 мл.",5,350,1750]
[41,"Рамки для благодарственных писем",50,500,"25 000,00 "]
[42,"Бланки благодарственных писем",50,15,750]
[43,"Демонстрационная система (Офисная папка)",2,3600,7200]
[44,"Зажимы для волос по 12 шт",4,230,920]
[45,"Рамки для фотографий",20,500,10000]
[46,"Кашпо уличное",8,900,{"$f":"D53*C53","v":7200}]
[47,"Воротничок парикмахерский в рулоне 100 штук",18,299,5382]
[48,"Кисточка кондитерская",1,150,150]
[49,"Клеенка на столы, рулон",1,250,250]
[50,"Валик под руку",1,1840,1840]
[51,"Щетка с совком",1,1100,1100]
[52,"Ведро",3,500,1500]
[53,"Урна для мусора с крышкой",2,900,1800]
[54,"Полотеничница в душ",2,1800,3600]
[55,"Полки для мочалок в душ",2,1280,2560]
[56,"Штора в душ",2,1487,2974]
[57,"Держатель для шторы",2,1202,2404]
[58,"Бумагодержатель",2,250,500]
[59,"Ерш",2,300,600]
[60,"Ведро для пола, 10 л",15,573.47666000000004,8602.15]
[61,"Ведра для пыли, 5 л",12,350,4200]
[62,"Таблички- названия",22,400,8800]
[63,"Таблички шрифтом Брайля",22,400,8800]
[64,"Бегущая строка",1,20000,20000]
[65,"Урна для мусора",13,540,7020]
[66,"Фильтры для рециркуляторов","3 упак.",2300,6900]
[null,"Итого","Х","Х",{"$f":"SUM(E8:E73)","v":572000}]
[]
[]
[]
[]
["Директор",null,null,null,"М.И. Жинько"]
[]
["Главный бухгалтер",null,null,null,"А.А. Кирик"]
[]
["Исполнители:"]
["Рыбакова О.В.."]

{"sheet":"346 хоз. посуда","index":21,"n_rows":20,"n_cols":5,"rows_kept":20,"cut":false,"hidden":false,"merged":[[16,0,16,3],[18,0,18,1],[19,0,19,1],[20,0,20,1],[0,0,0,4],[2,0,2,4],[4,0,4,4],[14,0,14,1]]}
["Расчет (обоснование) расходов на приобретение прочих материальных запасов (хозяйственный инвентарь) на 2022 год "]
[]
["Код видов расходов 244\nИсточник финансового обеспечения: субсидии из областного бюджета на финансовое обеспечение выполнения Учреждением государственного задания на оказание государственных услуг"]
[]
["Увеличение стоимости прочих материальных запасов (КОСГУ 346)"]
[]
["№ п/п","Наименование расходов","Кол-во на год","Средняя стоимость, руб","Сумма, руб"]
[1,"Кастрюля  15 л",2,3500,7000]
[2,"Кастрюля  10 л",2,3000,6000]
[3,"Кастрюля  5 л",2,2500,5000]
[null,"Итого","Х","Х",{"$f":"SUM(E8:E10)","v":18000}]
[]
[]
[]
["Директор",null,null,null,"М.И. Жинько"]
[]
["Главный бухгалтер",null,null,null,"А.А. Кирик"]
[]
["Исполнители:"]
["Рыбакова О.В"]

{"sheet":"346 споринв.","index":22,"n_rows":32,"n_cols":5,"rows_kept":32,"cut":false,"hidden":false,"merged":[[28,0,28,3],[30,0,30,1],[31,0,31,1],[32,0,32,1],[0,0,0,4],[2,0,2,4],[4,0,4,4],[7,1,7,4],[24,0,24,1],[26,0,26,1]]}
["Расчет (обоснование) расходов на приобретение прочих материальных запасов (хозяйственный инвентарь) на 2022 год "]
[]
["Код видов расходов 244\nИсточник финансового обеспечения: субсидии из областного бюджета на финансовое обеспечение выполнения Учреждением государственного задания на оказание государственных услуг"]
[]
["Увеличение стоимости прочих материальных запасов (КОСГУ 346)"]
[]
["№ п/п","Наименование расходов","Кол-во на год","Средняя стоимость, руб","Сумма, руб"]
[]
[1,"Мяч (волейб., футб.)",2,900,1800]
[2,"Мячи резиновые 125-200",6,600,{"$f":"C10*D10","v":3600}]
[3,"Тюбинг",4,2300,9200]
[4,"Фишки для футбола",2,700,1400]
[5,"Гантеля 1000гр.",2,790,1580]
[6,"Гантеля 500гр.",2,350,700]
[7,"Гантеля 3000гр.",2,1200,2400]
[8,"Гантеля 4000гр.",2,1500,3000]
[9,"Палатка туристическая 3-х местная",2,6300,12600]
[10,"Блин 2500 гр.",2,400,800]
[11,"Блин 5000гр.",2,700,1400]
[12,"Блин 10000гр.",2,1200,2400]
[13,"Сетка для бадминтона",1,500,500]
[14,"Массажные мячи  Суд-Джок",10,250,2500]
[15,"Мячи массажные (для кабинета ЛФК)",10,250,2500]
[null,"Итого","Х","Х",{"$f":"SUM(E9:E23)","v":46380}]
["Уменьшение лимитов - 5%"]
[]
["Директор",null,null,null,"М.И. Жинько"]
[]
["Главный бухгалтер",null,null,null,"А.А. Кирик"]
[]
["Исполнители:"]
["Рыбакова О.В."]

{"sheet":"346 игрушки","index":23,"n_rows":37,"n_cols":5,"rows_kept":37,"cut":false,"hidden":false,"merged":[[34,0,34,3],[35,0,35,1],[36,0,36,1],[37,0,37,1],[0,0,0,4],[2,0,2,4],[3,0,3,4],[32,0,32,1]]}
["Расчет (обоснование) расходов на приобретение прочих материальных запасов (игрушки) на 2022 год "]
[]
["Код видов расходов 244\nИсточник финансового обеспечения: субсидии из областного бюджета на финансовое обеспечение выполнения Учреждением государственного задания на оказание государственных услуг"]
["Увеличение стоимости прочих материальных запасов (КОСГУ 346)"]
[]
["№ п/п","Наименование расходов","Кол-во на год","Средняя стоимость, руб","Сумма, руб"]
[1,"Бизиборд  (доска развивайка)",4,2500,{"$f":"C7*D7","v":10000}]
[2,"Разв. игра нумикон",5,6000,{"$f":"C8*D8","v":30000}]
[3,"Равз. игра  палочки Кюизинера",5,900,4500]
[4,"Разв. игра блоки Дьеныша",3,420,1260]
[5,"Рамки вкладыши ",3,700,2100]
[6,"Раз. игра геометрические фигуры на магнитах",5,500,2500]
[7,"Танграмм магнитный",3,790,2370]
[8,"Магнитный планшет",3,900,2700]
[9,"Тактильные доски",5,1150,5750]
[10,"Набор матрешек раздаточный материал",2,1050,2100]
[11,"Игровые наборы( грибочки, уточки, елочки)",3,820,2460]
[12,"Набор резиновый ( дикие животные, домашние животные)",4,500,2000]
[13,"Бизиборд настольный для развития графо-моторных навыков",3,4000,12000]
[14,"Балансир с вкладышами",2,4955,9910]
[15,"Мультиформы для нанизывания",3,1200,3600]
[16,"Фланелеграф, развивающие игры из фетра",3,990,2970]
[17,"Мемо игры разные",3,590,1770]
[18,"Логические цепочки разные",3,650,1950]
[19,"Геометрическое лото",3,730,2190]
[20,"Тактильное лото",3,350,1050]
[21,"тактильное домино",3,940,2820]
[22,"Пазлы деревянные ",3,800,2400]
[23,"Игрушки дергунчики",6,600,3600]
[null,"Итого","Х","Х",{"$f":"SUM(E7:E29)","v":112000}]
[]
[]
["Директор",null,null,null,"М.И. Жинько"]
[]
["Главный бухгалтер",null,null,null,"А.А. Кирик"]
["Исполнители:"]
["Рыбакова О.В."]

{"sheet":"291","index":24,"n_rows":23,"n_cols":5,"rows_kept":23,"cut":false,"hidden":false,"merged":[[21,0,21,1],[22,0,22,1],[19,0,19,3],[0,0,0,4],[1,0,1,4],[3,0,3,4],[17,0,17,1]]}
["Расчет (обоснование) расходов на оплату налогов, пошлин и сборов на 2022 год"]
["Код видов расходов 851\nИсточник финансового обеспечения: субсидии из областного бюджета на финансовое обеспечение выполнения Учреждением государственного задания на оказание государственных услуг"]
[]
["Налоги, пошлины и сборы (КОСГУ 291)"]
["N п/п","Наименование расходов","Налоговая база, руб.","Ставка налога, %","Сумма исчисленного налога, подлежащего уплате, руб. (гр. 3 x гр. 4 / 100)"]
[1,2,3,4,5]
[1,"Налог на землю 52:18:40171:346 Жил.фонд и коммуникации с благоустройством",89017432.680000007,1.4999999999999999E-2,1335261.49]
[2,"Налог на землю 52:18:40171:346 ",6453088.2199999997,1.4999999999999999E-2,96796.32]
[3,"Налог на землю 52:18:40171:347",38970941.700000003,1.4999999999999999E-2,584564.13]
[4,"Налог на землю 52:18:40171:2",29932560,1.4999999999999999E-2,448988.4]
[5,"Налог на землю 52:18:40171:5",7664334.7199999997,1.4999999999999999E-2,114965.02]
[6,"Налог на землю 52:18:40171:345",34419701.75,1.4999999999999999E-2,516295.53]
[7,"Налог на землю 52:18:40171:344 (автостоянка)",204851572.31,1.4999999999999999E-2,2100284.77]
[8,"Налог на имущество",105457091,2.1999999999999999E-2,2320000]
[null,"Итого:","x","x",7517155.7699999996]
[]
[]
["Диектор",null,null,null,"М.И.Жинько"]
[]
["Главный бухгалтер",null,null,null,"А.А. Кирик"]
[]
["Исполнитель:"]
["Рыбакова О.В."]

{"sheet":"291 остат.","index":25,"n_rows":18,"n_cols":5,"rows_kept":18,"cut":false,"hidden":false,"merged":[[16,0,16,1],[17,0,17,1],[0,0,0,4],[1,0,1,4],[3,0,3,4],[11,0,11,1],[13,0,13,3]]}
["Расчет (обоснование) расходов на оплату налогов, пошлин и сборов на 2022 год"]
["Код видов расходов 851\nИсточник финансового обеспечения: субсидии из областного бюджета на финансовое обеспечение выполнения Учреждением государственного задания на оказание государственных услуг"]
[]
["Налоги, пошлины и сборы (КОСГУ 291)"]
["N п/п","Наименование расходов","Налоговая база, руб.","Ставка налога, %","Сумма исчисленного налога, подлежащего уплате, руб. (гр. 3 x гр. 4 / 100)"]
[1,2,3,4,5]
[1,"Остаток с 2021 года","Х","Х",0]
[null,"Итого:","x","x",0]
[]
[]
[]
["Директор",null,null,null,"М.И. Жинько"]
[]
["Главный бухгалтер",null,null,null,"А.А. Кирик"]
[]
[]
["Исполнитель:"]
["Рыбакова О.В."]

{"sheet":"342 продукты питания","index":26,"n_rows":69,"n_cols":5,"rows_kept":69,"cut":false,"hidden":false,"merged":[[67,0,67,1],[68,0,68,1],[62,0,62,1],[0,0,0,4],[2,0,2,4],[3,0,3,4],[64,0,64,3]]}
["Расчет (обоснование) расходов на приобретение продуктов питания на 2022 год "]
[]
["Код видов расходов 244\nИсточник финансового обеспечения: субсидии из областного бюджета на финансовое обеспечение выполнения Учреждением государственного задания на оказание государственных услуг"]
["Увеличение стоимости продуктов питания (КОСГУ 342)"]
[]
["№ п/п","Наименование расходов","Кол-во на год","Средняя стоимость, руб","Сумма, руб"]
[1,"Морковь столовая",4000,48.8,{"$f":"C7*D7","v":195200}]
[2,"Картофель",12496.225,41,{"$f":"C8*D8","v":512345.22500000003}]
[3,"Свекла столовая",4000.002,41.5,166000.08299999998]
[4,"Лук ",4000,41.9,167600]
[5,"Капуста свежая",4000,69.3,277200]
[6,"Томатное пюре и паста",100,143.19999999999999,14319.999999999998]
[7,"Горошек зеленый консервированный",900.15,131.19999999999999,118099.68]
[8,"Кукуруза консервированная",400,151.1,60440]
[9,"Бананы",5000,115,575000]
[10,"Яблоки",5000.0010000000002,89.8,449000.08980000002]
[11,"Яйцо диетическое (шт.) ",47025,7.2,338580]
[12,"Мясо 1 категории",3830,430.4,1648432]
[13,"Куры 1 кат. (полупотрошен)",2110,168,354480]
[14,"Вареные колбасные изделия",600,401.3,240780]
[15,"Сосиски",800,413,330400]
[16,"Пикша",2200,292.5,643500]
[17,"Сельдь соленая",1300,175,227500]
[18,"Сок ",14107.4,101.8,1436133.3199999998]
[19,"Смесь из сухофруктов",300,132.4,39720]
[20,"Изюм",300,185.3,55590]
[21,"Курага",300,344.5,103350]
[22,"Масло растительное",600,133.69999999999999,80220]
[23,"Молоко свежее",14122.277,64.099999999999994,905237.95569999993]
[24,"Кефир",3199.95,67.7,216636.61499999999]
[25,"Ряженка",3199.95,85.1,272315.745]
[26,"Масло сливочное",1600,665.6,1064960]
[27,"Творог жирный",2499.84,285.60000000000002,713954.30400000012]
[28,"Сметана",400,225.2,90080]
[29,"Сыры твердые",400,539.29999999999995,215719.99999999997]
[30,"Хлеб ржаной",4493.5,49.1,220630.85]
[31,"Батон пшеничный",7615.96,76.7,584144.13199999998]
[32,"Мука пшеничная",1400,31.8,44520]
[33,"Сахар-песок",2500,78.400000000000006,196000]
[34,"Кофейный напиток",100,343.6,34360]
[35,"Какао",100,263.10000000000002,26310.000000000004]
[36,"Чай",100,494.8,49480]
[37,"Дрожжи хлебопекарные",20,1107.5,22150]
[38,"Пшено вес.",500,50.5,25250]
[39,"Круна манная",500,52.9,26450]
[40,"Крупа гречневая",500,137.69999999999999,68850]
[41,"Геркулес",500,52.3,{"$f":"C47*D47","v":26150}]
[42,"Рис",500,77.8,{"$f":"C48*D48","v":38900}]
[43,"Горох",300,53.4,16020]
[44,"Вермишель",500,60,30000]
[45,"Макаронные изделия",500,60,30000]
[46,"Печенье ",450,98.1,44145]
[47,"Конфеты шоколадные",350,214.8,75180]
[48,"Вафли",450,171.6,77220]
[49,"Соль йодированная",500,13.4,6700]
[50,"Крахмал",100,103.7,10370]
[51,"Перец горошком",31.25,1500,46875]
[52,"Лавровый лист",31.25,800,25000]
[null,"Итого","Х","Х",{"$f":"SUM(E7:E58)","v":13237499.999499999}]
[]
[]
[]
["Директор",null,null,null,"М.И. Жинько"]
[]
["Главный бухгалтер",null,null,null,"А.А. Кирик"]
[]
[]
["Исполнитель:"]
["Рыбакова О.В."]

{"sheet":"342 остат","index":27,"n_rows":15,"n_cols":6,"rows_kept":15,"cut":false,"hidden":false,"merged":[[14,0,14,1],[0,0,0,4],[2,0,2,4],[4,0,4,4],[10,0,10,1],[12,0,12,3],[13,0,13,1]]}
["Расчет (обоснование) расходов на приобретение продуктов питания на 2022 год "]
[]
["Код видов расходов 244\nИсточник финансового обеспечения: субсидии из областного бюджета на финансовое обеспечение выполнения Учреждением государственного задания на оказание государственных услуг"]
[]
["Услуги связи (КОСГУ 342)"]
["N п/п","Наименование расходов","Количество  ","Количество платежей в год","Стоимость за единицу, руб.","Сумма, руб. (гр. 3 x гр. 4 x гр. 5)"]
[1,2,3,4,5,6]
[1,"Остаток с 2021 года","Х","Х",4168.6099999999997,{"$f":"E8","v":4168.6099999999997}]
[null,"Итого:","x","x","x",{"$f":"SUM(F8:F8)","v":4168.6099999999997}]
[]
["Директор",{"$nulls":4},"М.И. Жинько"]
[]
["Главный бухгалтер",{"$nulls":4},"А.А. Кирик"]
["Исполнители:"]
["Рыбакова О.В."]

{"sheet":"345 мягкий инвент","index":28,"n_rows":62,"n_cols":6,"rows_kept":62,"cut":false,"hidden":false,"merged":[[0,0,0,4],[2,0,2,4],[3,0,3,4],[5,0,7,0],[5,1,7,1],[5,2,7,2],[5,3,7,3],[5,4,7,4],[5,5,7,5],[55,0,55,1],[58,0,58,3],[61,0,61,1],[60,0,60,1]]}
["Расчет (обоснование) расходов на приобретение прочих мягкого инвентаря на 2022 год "]
[]
["Код видов расходов 244\nИсточник финансового обеспечения: субсидии из областного бюджета на финансовое обеспечение выполнения Учреждением государственного задания на оказание государственных услуг"]
["Увеличение стоимости мягкого инвентаря (КОСГУ 345)"]
[]
["Номер п/п","Наименование","Единица измерения","Кол-во","Цена (руб.)","Сумма (руб.)"]
[]
[]
[1,"Майка","шт",150,210,{"$f":"E9*D9","v":31500}]
[2,"Трусы","шт",300,110,{"$f":"E10*D10","v":33000}]
[3,"Носки х/б","пар",300,35,10500]
[4,"Носки п/ш","пар",150,70,10500]
[5,"Колготки трикотажные ","пар",200,260,52000]
[6,"Колготки трикотажные утепленные","пар",100,340,34000]
[7,"Штаны спортивные","шт",60,900,54000]
[8,"Штаны спортивные утепленные","шт",80,940,75200]
[9,"Кофта спортивная","шт",60,600,36000]
[10,"Кофта спортивная утепленная ","шт",60,900,54000]
[11,"Трико ","шт",80,310,24800]
[12,"Бейсболка","шт",80,354,28320]
[13,"Панама или шляпа джинсовая","шт",79,354,27966]
[14,"Пижама ","шт",80,590,47200]
[15,"Футболка","шт",80,390,31200]
[16,"Шорты","шт",100,250,25000]
[17,"Юбка ","шт",72,450,32400]
[18,"Футболка с длинным рукавом ","шт",80,400,32000]
[19,"Штаны домашние","шт",80,400,32000]
[20,"Кофта или джемпер","шт",90,640,57600]
[21,"Джинсы ","шт",90,900,81000]
[22,"Джинсы утепленные","шт",91,940,85540]
[23,"Школьная форма для девочки","шт",20,2500,50000]
[24,"Школьная форма для мальчика","шт",20,2500,50000]
[25,"Платье","шт",60,750,45000]
[26,"Ветровка","шт",80,1100,88000]
[27,"Куртка зимняя мужская","шт",55,1980,108900]
[28,"Куртка зимняя женская","шт",50,1980,99000]
[29,"Кроссовки ","пар",110,600,66000]
[30,"Туфли женские","пар",55,850,46750]
[31,"Туфли мужские","пар",50,850,42500]
[32,"Ботинки демисезонные","пар",90,950,85500]
[33,"Ботинки зимние ","пар",90,1200,108000]
[34,"Сандали","пар",90,560,50400]
[35,"Тапочки или сланцы","пар",90,210,18900]
[36,"Шапка демисезонная ","шт",90,300,27000]
[37,"Шапка зимняя","шт",90,310,27900]
[38,"Простыня","шт",100,222.2,22220]
[39,"Пододеяльник","шт",100,366.4,36640]
[40,"Наволочка","шт",100,79.900000000000006,7990.0000000000009]
[41,"Бюстгалтер","шт",50,410,20500]
[42,"Водолазка","шт",95,500,47500]
[43,"Полотенце махровое большое","шт",130,257.24605000000003,33441.986500000006]
[44,"Полотенце махровое маленькое","шт",130,83.2,10816]
[45,"Сапоги резиновые ","пар",40,349.85039999999998,13994.016]
[null,"Итого","Х","Х","Х",{"$f":"SUM(F9:F53)","v":2002678.0025000002}]
[]
["Директор",{"$nulls":4},"М.И.Жинько"]
[]
[]
["Главный бухгалтер",{"$nulls":4},"А.А. Кирик"]
[]
["Исполнитель:"]
["Рыбакова О.В."]

{"sheet":"343 гсм","index":29,"n_rows":27,"n_cols":5,"rows_kept":27,"cut":false,"hidden":false,"merged":[[26,0,26,1],[21,0,21,1],[23,0,23,3],[25,0,25,1],[1,0,1,4],[3,0,3,4],[5,0,5,4],[7,0,8,0],[7,1,8,1],[7,2,8,2],[7,3,8,3],[7,4,8,4]]}
[]
["Расчет (обоснование) расходов на приобретение горюче-смазочных материалов на 2022 год "]
[]
["Код видов расходов 244\nИсточник финансового обеспечения: субсидии из областного бюджета на финансовое обеспечение выполнения Учреждением государственного задания на оказание государственных услуг"]
[]
["Увеличение стоимости горюче-смазочных материалов (КОСГУ 343)"]
[]
["№ п/п","Наименование расходов","Кол-во на год, л","Средняя стоимость, руб","Сумма, руб"]
[]
[1,"Бензин АИ-92   (Автомобиль HYNDAI SOLARIS М 263 АС)","2650",47.9,{"$f":"C10*D10","v":126935}]
[{"$f":"A10+1","v":2},"Бензин АИ-92   (Автомобиль ГАЗ-32212-260 М 606 ТХ вишневая)","1140",47.9,{"$f":"C11*D11","v":54606}]
[{"$f":"A11+1","v":3},"Бензин АИ-92    (Автобус  ПАЗ -3320302-08 Н 862 РХ)","300",47.9,{"$f":"C12*D12","v":14370}]
[{"$f":"A12+1","v":4},"Бензин АИ -95  (Автомобиль \"VOLKSWAGEN TIGUAN\" М 483 ","2600",51.182069200000001,133073.37992000001]
[6,"Топливо дизельное (Автомобиль ГАЗ-САЗ-35071 К 482 СС)","150",49.9,7485]
[7,"Топливо дизельное (Грузобортовая-фермер К 483 СС)","800",49.9,39920]
[8,"Масло   промывочное LUX-OIL  (5л)","4",535.47249999999997,2141.89]
[9,"Масло моторное 5W40 синтетика VAG SPECIAL PLUS(1Л)  ","25",858.74916666659999,21468.729166664998]
[null,"Итого","Х","Х",{"$f":"SUM(E10:E17)","v":399999.99908666499}]
[]
[]
[]
["Директор",null,null,null,"М.И. Жинько"]
[]
["Главный бухгалтер",null,null,null,"А.А. Кирик"]
[]
["Исполнитель:"]
["Рыбакова О.В."]

{"sheet":"343 остаток","index":30,"n_rows":20,"n_cols":5,"rows_kept":20,"cut":false,"hidden":false,"merged":[[18,0,18,1],[19,0,19,1],[13,0,13,1],[15,0,15,3],[1,0,1,4],[3,0,3,4],[5,0,5,4],[7,0,8,0],[7,1,8,1],[7,2,8,2],[7,3,8,3],[7,4,8,4]]}
[]
["Расчет (обоснование) расходов на приобретение горюче-смазочных материалов на 2022 год "]
[]
["Код видов расходов 244\nИсточник финансового обеспечения: субсидии из областного бюджета на финансовое обеспечение выполнения Учреждением государственного задания на оказание государственных услуг"]
[]
["Увеличение стоимости горюче-смазочных материалов (КОСГУ 343)"]
[]
["№ п/п","Наименование расходов","Кол-во на год, л","Средняя стоимость, руб","Сумма, руб"]
[]
[1,"Остаток за декабрь 2021 года","41,95555",45,{"$f":"C10*D10","v":1887.9997500000002}]
[null,"Итого","Х","Х",{"$f":"SUM(E9:E10)","v":1887.9997500000002}]
[]
[]
["Директор",null,null,null,"М.И. Жинько"]
[]
["Главный бухгалтер",null,null,null,"А.А. Кирик"]
[]
[]
["Исполнитель:"]
["Рыбакова О.В."]

{"sheet":"227 страх","index":31,"n_rows":25,"n_cols":5,"rows_kept":25,"cut":false,"hidden":false,"merged":[[23,0,23,1],[24,0,24,1],[20,0,20,3],[0,0,0,4],[1,0,1,4],[3,0,3,4],[18,0,18,1]]}
[" Расчет (обоснование) расходов на оплату страхования на 2022 год"]
["Код видов расходов 244\nИсточник финансового обеспечения: субсидии из областного бюджета на финансовое обеспечение выполнения Учреждением государственного задания на оказание государственных услуг"]
[]
["Страхование (КОСГУ 227)"]
["N п/п","                        Наименование расходов","Объект","Количество договоров","Стоимость работ (услуг), руб."]
[1,2,3,4,5]
[1,"ОСАГО Хендай  Солярис",1,1,6754.51]
[{"$f":"A7+1","v":2},"ОСАГО ГАЗ 32212",1,1,6361.01]
[3,"ОСАГО ПАЗ 320302-08",1,1,10969.05]
[4,"ОСАГО  ГАЗ САЗ",1,1,11296.49]
[5,"ОСАГО Фольксваген Тигуан",1,1,7698.55]
[6," ОСАГО  ГАЗ32212 М 606 ТХ",1,1,7020.39]
[7,"Обязательное страхование опасных объектов",1,1,9900]
[null,"Итого:","Х","Х",{"$f":"SUM(E7:E13)","v":60000}]
[]
[]
[]
[]
["Директор",null,null,null,"М.И. Жинько"]
[]
["Главный бухгалтер",null,null,null,"А.А. Кирик"]
[]
[]
["Исполнители:"]
["Рыбакова О.В."]

{"sheet":"344 строймат","index":32,"n_rows":79,"n_cols":5,"rows_kept":79,"cut":false,"hidden":false,"merged":[[73,0,73,1],[75,0,75,3],[77,0,77,1],[78,0,78,1],[0,0,0,4],[2,0,2,4],[4,0,4,4],[6,0,7,0],[6,1,7,1],[6,2,7,2],[6,3,7,3],[6,4,7,4]]}
["Расчет (обоснование) расходов на приобретение строительных материалов на 2022 год "]
[]
["Код видов расходов 244\nИсточник финансового обеспечения: субсидии из областного бюджета на финансовое обеспечение выполнения Учреждением государственного задания на оказание государственных услуг"]
[]
["Увеличение стоимости строительных материалов (КОСГУ 344)"]
[]
["№ п/п","Наименование расходов","Кол-во на год","Средняя стоимость, руб","Сумма, руб"]
[]
[1,"Краска  супербелая (14 кг) моющая водоэмульсионная",6,2100,{"$f":"C9*D9","v":12600}]
[2,"Краска  супербелая (14 кг) моющая водоэмульсионная",5,2100,10500]
[3,"Грунтовка EK G 100 10л ",6,1280,{"$f":"D11*C11","v":7680}]
[6,"Линолеум пк",60,843.7,50622]
[7,"Клей для линолеума",1,1522,1522]
[8,"Плинтус",8,357,2856]
[9,"Выключатель",8,270,2160]
[10,"Розетка сп",12,285,3420]
[11,"Шпаклевка",2,481,{"$f":"D17*C17","v":962}]
[12,"Кранбукса",10,140,{"$f":"D18*C18","v":1400}]
[13,"Ротбанд",1,478,{"$f":"D19*C19","v":478}]
[14,"Плиточный клей",2,400,{"$f":"D20*C20","v":800}]
[15,"Линокром",88,2223,{"$f":"C21*D21","v":195624}]
[16,"Праймер битумный",7,3050,{"$f":"C22*D22","v":21350}]
[17,"Труба PN 20  90 х (15) бел РТП","20","2 520,00","50 400,00"]
[18,"Угольник 90/90 бел РТП","5","488,00","2 440,00"]
[19,"Муфта 90 бел РТП","4","411,00","1 644,00"]
[20,"Бурт под фланец 90 бел РТП","4","395,00","1 580,00"]
[21,"Фланец ду 100х10 атм","4","842,00","3 368,00"]
[22,"Тройник перех 90 х 50 х 90 бел Berke","2","640,00","1 280,00"]
[23,"Угольник 90/50 бел РТП","2","142,00","284,00"]
[24,"Кран шаровый 50 бел РТП","2","1 411,00","2 822,00"]
[25,"Фильтр косой 1 1/2\"","1","1 974,00","1 974,00"]
[26,"Муфта комб под ключ н р 50 х 1 1/2\" бел РТП","2","690,00","1 380,00"]
[27,"Труба PN 20  50 х (8,4)  бел РТП","4","562,00","2 248,00"]
[28,"Клапан обратный 1 1/2\"","1","1 320,30",1320.5]
[29,"Кран шар 1/2 в/н",6,346,{"$f":"D35*C35","v":2076}]
[30,"Кран шар 1/2 в/в",12,346,4152]
[31,"Стекло 4мм",200.6,550,110330]
[32,"Линолеум пк",120,910,109200]
[33,"Клей для линолеума",2,2850,5700]
[34,"Лампы люминисцентные 18 вт",100,140,14000]
[35,"Лампы светодиодные ",50,135,6750]
[36,"Светильник светодиодный 600*600",23,1282.5,29497.5]
[37,"Светильник светодиодный 595*595*19",15,1420.33,21304.949999999997]
[38,"Светильник герметичный под светодиодные лампы 1200",20,1460,29200]
[39,"Лампа светодиодная",40,233.67,9346.7999999999993]
[40,"Зажим клеммный лепестковый",1,1394,1394]
[41,"Кран шар ",4,773.47,3093.88]
[42,"Кран шар ",2,147.5,295]
[43,"Контргайка",4,129.97,519.88]
[44,"Муфта Ду 20",4,116.63,466.52]
[45,"Муфта Ду 15",2,108.44,216.88]
[46,"Отвод",6,881.5,5289]
[47,"Сгон",4,166.67,666.68]
[48,"Труба",2.1999999999999999E-2,96777.78,2129.1111599999999]
[49,"Труба",0.75600000000000001,90194.44,68186.996639999998]
[50,"Кирпич силикатный",336,41.27,13866.720000000001]
[51,"Стеклоизол",3,2463,7389]
[52,"Уголок",6,1045.8,6274.7999999999993]
[53,"Кирпич силикатный",1008,22.3,22478.400000000001]
[54,"Сухая смесь (наливной пол)",12,783.67,9404.0399999999991]
[55,"Грунтовка EK  100 10л ",2,1515.33,3030.66]
[56,"Цемент",7,501.33,3509.31]
[57,"Известь негашеная",160,61.1,9776]
[58,"Эмаль ПФ-115 желтая",75,245.5,18412.5]
[59,"Эмаль ПФ-115 зеленая",75,237.17,{"$f":"D65*C65","v":17787.75}]
[60,"Эмаль ПФ-115 вишневая",75,245.65,{"$f":"D66*C66","v":18423.75}]
[61,"Краска АК-511, дорожная белая",75,238.97,17922.75]
[62,"Краска АК-511, дорожная желтая",25,216.83,5420.75]
[63,"Эмаль ПФ-115 белая",34,270.40794,9193.86996]
[null,"Итого","Х","Х",{"$f":"SUM(E9:E69)","v":899999.99776000029}]
[]
[]
[]
["Директор",null,null,null,"М.И. Жинько"]
[]
["Главный бухгалтер",null,null,null,"А.А. Кирик"]
[]
["Исполнитель:"]
["Рыбакова О.В."]

{"sheet":"341","index":33,"n_rows":118,"n_cols":6,"rows_kept":118,"cut":false,"hidden":false,"merged":[[114,0,114,3],[116,0,116,1],[117,0,117,1],[0,0,0,5],[2,0,2,5],[4,0,4,5],[112,0,112,1]]}
["Расчет (обоснование) расходов на приобретение лекарственных препаратов и материалов, применяемых в медицинских целях на 2022 год "]
[]
["Код видов расходов 244\nИсточник финансового обеспечения: субсидии из областного бюджета на финансовое обеспечение выполнения Учреждением государственного задания на оказание государственных услуг"]
[]
["Увеличение стоимости лекарственных препаратов и материалов, применяемых в медицинских целях (КОСГУ 341)"]
["№ п/п","Наименование расходов","Единица измерения","Кол-во на год","Средняя стоимость, руб","Сумма, руб"]
[1,"Вакцина против гипатита А (аваксим)","упак","18",1300,23400]
[2,"L - тироксин 50 табл. 50 мкг № 50 уп. контурн.яч.пачк.карт","уп",25,109,{"$f":"D8*E8","v":2725}]
[3,"Амоксиклав 500 мл.","упак.",25,306.23,{"$f":"D9*E9","v":7655.75}]
[4,"Ацикловир мазь 5%- 5гр.","шт",25,39.380000000000003,{"$f":"D10*E10","v":984.50000000000011}]
[5,"Анальгин р-р для в/в и в/м введ. 500 мг/мл амп. светозащ.стекла 2 мл № 10 уп. ","упак",25,69.819999999999993,1745.4999999999998]
[{"$f":"A11+1","v":6},"Анальгин табл. 500 мг № 10 уп. ","упак",100,14.52,1452]
[7,"Анаферон детский табл.д/рассас. № 20 уп. ","шт",100,299.66000000000003,29966.000000000004]
[{"$f":"A13+1","v":8},"Арбидол капс. 50  мг №20  ","упак",40,372,14880]
[9,"Имброксол сироп ","шт",15,58,870]
[10,"Суммамокс №3","упак",25,183.62,4590.5]
[11,"Бисопролол табл.п.п.о. 5мг. №30 ","упак",25,169.94,4248.5]
[12,"Бриллиантовый зеленый р-р д/наружн. прим. спиртовой 1% фл.темн. стекл. 10 мл. №1","шт",40,28,1120]
[13,"Бромгексин табл 0,008 г № 25  ","упак",50,64.849999999999994,3242.4999999999995]
[14,"Бисептол 480 мг.","упак",20,92.91,1858.1999999999998]
[{"$f":"A20+1","v":15},"Дротаверин табл №50","упак",20,84.86,1697.2]
[16,"Диклофенак р-р ","упак",20,72.150000000000006,1443]
[17,"Диклофенак мазь д/наружн. прим.1% туба алюм. 30 г. № 1 ","шт",20,44.33,886.59999999999991]
[18,"Кортинефф табл. 0,1 мг.фл.темн.стекл.№20 ","упак",40,223.92,8956.7999999999993]
[19,"Индапамид ретард табл. п.п.о. 1,5 мг.№ 30 ","шт",20,79.599999999999994,1592]
[20,"Йод раствор 5%  д/наружн примен спиртовой 10мл","флак",20,37.28,745.6]
[21,"Леветинол р-р д/приема внутрь 100 мг/мл фл. 300 мл № 1 ","упак",6,1680,10080]
[22,"Кальция глюконат р-р для в/в и в/м введ. 100 мг/мл амп. 5 мл №10 ","упак",12,127.18,1526.16]
[23,"Каптоприл табл. 25 мг.№ 40 ","шт",10,143.58000000000001,1435.8000000000002]
[24,"Бифидумбактерин пор.  №10","уп",8,120,960]
[25,"Клотримазол крем д/ наруж. прим. 1% туба алюм 20 гр № 1 ","шт",5,187,935]
[26,"Конвулекс табл. п.п.о. пролонг 300 мг фл. ПЭ №50 .","упак",100,393.12,39312]
[27,"Крем детский  45 мл №1","шт",15,85.17,1277.55]
[28,"Бензилбензонат мазь ","шт",15,86,1290]
[29,"Левометил мазь д/наруж.прим. 30 г туба алюм № 1 ","шт",25,92.15,2303.75]
[30,"Лоперамид табл. 2 мг. № 20 ","шт",40,56.52,2260.8000000000002]
[31,"Магния сульфат р-р для в/в и в/м введ. 250 мг/мл амп. 5мл №10","упак",30,49.06,1471.8000000000002]
[32,"Метрогил Дента гель стомотологич.туба пластик. 20 г.№1 ","шт",20,373.15,7463]
[33,"Мирамистин р-р д/местн.прим. 0,01%  фл. ПЭ 150 мл с распылителем № 1 пачк. крат.","шт",15,518.01,7770.15]
[34,"Новорапид шприц ручка№5 3,0 мл.","упак",10,1800.8,18008]
[35,"Ново-пассит р-р д/приема внутрь фл.темн.стекло с мерн. колпачком 100 мл №1 ","шт",25,388.4,9710]
[36,"Нафтизин 0,01% 15 мл.","шт.",100,11.83,1183]
[37,"Новокаин р-р д/ инъекц. 0,5 % амп.ПЭ 5 мл №10 ","упак",50,26.9,1345]
[38,"Паглюферал - 2 табл.№ 20 ","упак",40,118.49,4739.5999999999995]
[39,"Пиридоксин р-р 1,0мл. №10","уп",25,48.12,1203]
[40,"Перекись водорода 3% (100 мл. фл. п/пропилен. №1 Дез.средство)","шт",60,42.89,2573.4]
[41,"Преднизалон табл. 5 мг фл. п/ пропилен № 100 пачк. ","упак",20,109.94,2198.8000000000002]
[42,"Синафлан мазь д/наруж. прим. 0,025 % туба алюм.15г. № 1","шт",25,95.35,2383.75]
[43,"Аргосульфан   мазь д/наружного применения 20 гр","туба",10,180.24,1802.4]
[44,"Хлоропирамин р-р для в/в и в/м введ. 20 мг/мл амп. 1 мл. № 5 ","упак",20,84.2,1684]
[45,"Метокпромид 10 мг. №50","упак",4,772.35,3089.4]
[46,"Фурамин 50 мг. №30","упак",12,284.87,3418.44]
[47,"Тиамин р-р 1,0 мл. №10","упак",25,39.1,977.5]
[48,"Тетрациклиновая мазь  глаз 1% туба 5 г  №1 ","упак",10,108.17,1081.7]
[49,"Топирамат Канон табл. п.п.о. 25 мг № 28 ","шт",200,195.47,39094]
[50,"Трилептал сусп. д/приема внутрь 60 мг/мл. фл.темн.стекл.100 мл. в компл.с адаптер.шприц №1 ","шт",20,398,7960]
[51,"Фурацилин табл. д/ р-ра д/мест. и наруж. прим. 20 мг. № 10 ","шт",20,82.77,1655.3999999999999]
[52,"Хлоропирамин табл. 25 мг. № 20 ","упак",40,97.02,3880.7999999999997]
[53,"Цефтриаксон пор.д/р-ра для в/в и в/м введ 1г фл № 1 ","шт",150,54.35,8152.5]
[54,"Цифлоксацин 500 мг. №10 ","упак.",25,68.16,1704]
[55,"Эналаприл табл. 5 мг № 20 ","шт",15,50.9,763.5]
[56,"Альмагель сусп 170 мл","шт",10,298,2980]
[57,"Валокардин 20 мл","шт",15,114.38,1715.6999999999998]
[58,"Назонекс спрей №120 доз","шт",25,760,19000]
[59,"Панкреатин  25 ед. №60","упак.",40,97.93,3917.2000000000003]
[60,"Энтеросгель паста  д/приема внутрь туба из комб. материала  225 г. №1 ","шт",10,496,4960]
[61,"Бинт марлевый ОП нестер. 5м*10 см пл 32г/м2 №1","шт.",400,26.75,10700]
[62,"Вата (50 гр) нестерильная","упак",40,32,1280]
[63,"Перчатки смотровые нестер.латексн.неопудр текстур. №50","упак",30,1300,39000]
[64,"Салфетка антисептическая спиртовая 70% этил.60 мм/100 мм №100","шт",40,500,20000]
[65,"Тест - полоски Акку-чек актив для опред.глюкозы в крови № 50","шт",40,1360.44,54417.600000000006]
[66,"Шприц мед. инъекц. ОП 10 мл №1","шт",200,9,1800]
[67,"Шприц мед. инъекц. ОП 2 мл  №1","шт",800,5.6,4480]
[68,"Шприц с иглой 5 мл ","шт",700,9.8000000000000007,{"$f":"D74*E74","v":6860.0000000000009}]
[69,"Шприц туберкулин ","шт",800,9.8000000000000007,7840.0000000000009]
[{"$f":"A75+1","v":70},"Маска медицинская №50","шт. ",25,154,3850]
[71,"Аминазин р-р  для в/в и в/м введ. 25 мг/мл амп. 2 мл №10 пачк.карт.","упак.",25,220.05,5501.25]
[72,"Аминазин табл. п.п.о. 25 мг № 10 ","упак.",310,198.66,61584.6]
[73,"Аминазин табл. п.п.о. 50 мг № 10 ","упак.",300,332.78,99833.999999999985]
[74,"Галоперидол р-р 30 мл.","шт",20,98,1960]
[75,"Галоперидол табл. 5 мг № 50 ","упак",30,86.09,2582.7000000000003]
[76,"Клопиксол табл.п.п.о. 10 мг.№ 50 конт. пласт. пачк.карт","упак",30,350.97,10529.1]
[77,"Клопиксол табл.п.п.о. 2 мг.№ 50 ","упак",50,120.33,6016.5]
[78,"Мендилекс табл. 2 мг № 50  ","упак",70,213.66,14956.199999999999]
[79,"Неулептил  р/р д/ приема внутрь 4% фл.темн. стекл. 125 мл","упак",30,1503.2,45096]
[80,"Неулептил капс.10 мг № 50 ","упак",60,282.73,16963.800000000003]
[81,"Рисперидон табл. п.п.о 2 мг № 20 уп.","упак",100,230.89,23089]
[82,"Сонапакс табл, п.о.10 мг № 60 ","упак",80,370.54,29643.200000000001]
[83,"Сонапакс табл. п.о. 25 мг № 60 уп. ","упак",250,408.6,102150]
[84,"Атаракс 25 мг. №25","упак.",14,107.1,1499.3999999999999]
[85,"ПК-Мерц 100 мг. №30","упак.",15,348.16,5222.4000000000005]
[86,"Энкорат-хроно 500мг. №30","упак.",130,209.65,27254.5]
[87,"Зертал 200 мг.№30","упак.",150,85.3,12795]
[88,"Роккона 50 мг. №15 ","упак.",41,628.16999999999996,25754.969999999998]
[89,"Тиапридал табл. 100 мг № 20 ","упак",25,1422.7,{"$f":"D95*E95","v":35567.5}]
[90,"Хлоропротиксен 50 мг. №30","упак",10,370.214,3702.14]
[91,"Амитриптилин 25 мг. №50","упак",20,80.180000000000007,1603.6000000000001]
[91,"Азалептин табл. 25 мг № 50 ","упак",100,528.47,52847]
[92,"Азалептин табл. 100 мг № 50 ","упак",57,1559.69,88902.33]
[93,"Бисептол 480мг №14","упак",20,87.61,1752.2]
[94,"Депакин Хроно 300мг №100","упак",15,432.25,6483.75]
[95,"Комфодерм 15гр ","упак",15,303.83,4557.45]
[96,"Но-шпа 20мг/мл 2мл №5","упак",20,464.57,{"$f":"D103*E103","v":9291.4}]
[97,"Акридерм ГК крем","упак",10,452.9,4529]
[98,"Кагоцел №20","упак",30,517.83000000000004,15534.900000000001]
[99,"Тизерцин 25мг №50","упак",30,1892.02,56760.6]
[100,"Кларитромицин500мг №10","упак",15,377.52,5662.7999999999993]
[101,"Индапамид 1,5мг №30","упак",33,91.465400000000002,3018.3582000000001]
[null,"Итого:","х","х","х",{"$f":"SUM(F7:F108)","v":1276199.9981999998}]
[]
[]
[]
["Директор",{"$nulls":4},"М.И. Жинько"]
[]
["Главный бухгалтер",{"$nulls":4},"А.А. Кирик"]
[]
["Исполнители:"]
["Рыбакова О.В."]

{"sheet":"Лист1","index":34,"n_rows":63,"n_cols":6,"rows_kept":63,"cut":false,"hidden":false,"merged":[[0,0,0,4],[2,0,2,4],[3,0,3,4],[5,4,7,4],[62,0,62,1],[5,0,7,0],[5,1,7,1],[5,2,7,2],[5,3,7,3],[5,5,7,5],[56,0,56,1],[59,0,59,3],[61,0,61,1],[55,0,55,1]]}
["Расчет (обоснование) расходов на приобретение прочих мягкого инвентаря на 2021 год "]
[]
["Код видов расходов 244\nИсточник финансового обеспечения: субсидии из областного бюджета на финансовое обеспечение выполнения Учреждением государственного задания на оказание государственных услуг"]
["Увеличение стоимости мягкого инвентаря (КОСГУ 345)"]
[]
["Номер п/п","Наименование","Единица измерения","Кол-во","Цена (руб.)","Сумма (руб.)"]
[]
[]
[1,"Майка","шт",303,210,{"$f":"E9*D9","v":63630}]
[2,"Трусы","шт",1500,110,{"$f":"E10*D10","v":165000}]
[3,"Носки х/б","пар",1500,35,52500]
[4,"Носки п/ш","пар",300,70,21000]
[5,"Колготки трикотажные ","пар",1000,260,260000]
[6,"Колготки трикотажные утепленные","пар",300,340,102000]
[7,"Штаны спортивные","шт",150,900,135000]
[8,"Штаны спортивные утепленные","шт",150,940,141000]
[9,"Кофта спортивная","шт",150,600,90000]
[10,"Кофта спортивная утепленная ","шт",150,900,135000]
[11,"Трико ","шт",299,310,92690]
[12,"Бейсболка","шт",100,354,35400]
[13,"Панама или шляпа джинсовая","шт",100,354,35400]
[14,"Пижама ","шт",150,590,88500]
[15,"Футболка","шт",150,390,58500]
[16,"Шорты","шт",300,250,75000]
[17,"Юбка ","шт",71,450,31950]
[18,"Футболка с длинным рукавом ","шт",150,400,60000]
[19,"Штаны домашние","шт",150,400,60000]
[20,"Кофта или джемпер","шт",300,640,192000]
[21,"Джинсы ","шт",150,900,135000]
[22,"Джинсы утепленные","шт",141,940,132540]
[23,"Школьная форма для девочки","шт",20,2500,50000]
[24,"Школьная форма для мальчика","шт",20,2500,50000]
[25,"Платье","шт",100,750,75000]
[26,"Ветровка","шт",150,1100,165000]
[27,"Куртка зимняя мужская","шт",78,1980,154440]
[28,"Куртка зимняя женская","шт",72,1980,142560]
[29,"Кроссовки ","пар",150,600,90000]
[30,"Туфли женские","пар",78,850,66300]
[31,"Туфли мужские","пар",72,850,61200]
[32,"Ботинки демисезонные","пар",150,950,142500]
[33,"Ботинки зимние ","пар",150,1200,180000]
[34,"Сандали","пар",150,560,84000]
[35,"Тапочки или сланцы","пар",150,210,31500]
[36,"Шапка демисезонная ","шт",150,300,45000]
[37,"Шапка зимняя","шт",150,310,46500]
[38,"Простыня","шт",300,222.2,66660]
[39,"Пододеяльник","шт",300,366.4,109920]
[40,"Наволочка","шт",300,79.900000000000006,23970]
[41,"Бюстгалтер","шт",100,410,41000]
[42,"Водолазка","шт",150,500,75000]
[43,"Полотенце махровое большое","шт",300,259.10000000000002,77730]
[44,"Полотенце махровое маленькое","шт",300,83.2,24960]
[45,"Сапоги резиновые ","пар",99,350,34650]
[null,"Итого","Х","Х",null,{"$f":"SUM(F9:F53)","v":4000000}]
[]
["Уменьшение лимитов - 5%",{"$nulls":4},3800000]
["Директор",{"$nulls":4},"М.И.Жинько"]
[]
[]
["Главный бухгалтер",{"$nulls":4},"А.А. Кирик"]
[]
["Исполнитель:"]
["Рыбакова О.В."]